{"text_format":"3","workbook":"xlsx","n_sheets":1,"sheets":["Приложение ДС2"],"not_rendered":{"defined_names":1},"read":"whole","date_system":"1900"}

{"sheet":"Приложение ДС2","index":0,"n_rows":259,"n_cols":28,"rows_kept":259,"merged":[[0,0,0,21],[1,0,1,21],[2,0,4,0],[2,1,4,1],[2,2,4,2],[2,3,4,3],[2,4,4,4],[2,5,4,5],[2,6,3,10],[2,11,3,15],[2,16,3,20],[2,21,4,21],[5,0,5,21],[20,0,20,21],[34,0,34,21],[48,0,48,21],[63,0,63,21],[78,0,78,21],[100,0,100,27],[101,0,103,0],[101,1,103,1],[101,2,103,2],[101,3,103,3],[101,4,103,4],[101,5,103,5],[101,6,102,12],[101,13,102,19],[101,20,102,26],[101,27,103,27],[104,0,104,27],[126,0,126,27],[146,0,146,27],[168,0,168,27],[189,0,189,27],[211,0,211,27],[231,0,231,27],[241,0,241,27]]}
["Наименование, объемы и кратность выполнения Работ. Распределение максимальной цены  и единичные расценки на выполнение Работ"]
["Содержание и уборка территории в зимний период (с 01.11.2017 по 31.03.2018г.)"]
["№ ","Наименование работ (услуг)","Единичная расценка, УСТАНОВЛЕННАЯ ЗАКАЗЧИКОМ руб., в т.ч. НДС 18%","Единичная расценка, ПРЕДЛОЖЕНИЕ УЧАСТНИКА, руб., в т.ч. НДС 18%","Ед. измерения ","Количество","Кратность выполнения работ по месяцам",{"$nulls":4},"Объем выполняемых работ, ед.изм.",{"$nulls":4},"Стоимость работ в рублях с учетом НДС 18%",{"$nulls":4},"Сумма,\nруб., в т.ч. НДС\n18%"]
[]
[{"$nulls":6},"2017-11-01","2017-12-01","2018-01-01","2018-02-01","2018-03-01","2017-11-01","2017-12-01","2018-01-01","2018-02-01","2018-03-01","2017-11-01","2017-12-01","2018-01-01","2018-02-01","2018-03-01"]
["Участок Лесопарка в зоне Z2.1 вблизи Офисного центра «Технопарк» (1-я очередь) "]
[1,"Механизированная уборка территории (дорог, стоянок, площадок) с асфальтовым и плиточным покрытием от снега",{"$f":"0.64*1.18","v":{"v":0.7552,"d":"0.76"}},null,"м2",{"v":1351.8,"d":"1,351.80"},22,21,23,20,22,{"$f":"F7*G7","v":{"v":29739.6,"d":"29739.60"}},{"$f":"F7*H7","v":28387.8},{"$f":"F7*I7","v":{"v":31091.399999999998,"d":"31,091.40"}},{"$f":"F7*J7","v":{"v":27036,"d":"27,036.00"}},{"$f":"F7*K7","v":{"v":29739.6,"d":"29,739.60"}},{"$f":"D7*F7*G7","v":{"v":0,"d":"0.00"}},{"$f":"D7*F7*H7","v":{"v":0,"d":"0.00"}},{"$f":"D7*F7*I7","v":{"v":0,"d":"0.00"}},{"$f":"D7*F7*J7","v":{"v":0,"d":"0.00"}},{"$f":"D7*F7*K7","v":{"v":0,"d":"0.00"}},{"$f":"Q7+R7+S7+T7+U7","v":{"v":0,"d":"0.00"}}]
[2,"Механизированное распределение пескосоляной смеси",{"$f":"0.99*1.18","v":{"v":1.1682,"d":"1.17"}},null,"м2",{"v":1351.8,"d":"1,351.80"},30,31,31,28,31,{"v":40554,"d":"40554.00"},{"v":41905.799999999996,"d":"41905.80"},{"v":41905.799999999996,"d":"41,905.80"},{"v":37850.4,"d":"37,850.40"},{"v":41905.799999999996,"d":"41,905.80"},{"v":0,"d":"0.00"},{"v":0,"d":"0.00"},{"v":0,"d":"0.00"},{"v":0,"d":"0.00"},{"v":0,"d":"0.00"},{"v":0,"d":"0.00"}]
[3,"Очистка тротуаров, площадок от снега и льда вручную",{"$f":"1.75*1.18","v":{"v":2.065,"d":"2.07"}},null,"м2",{"v":170.2,"d":"170.20"},22,21,23,20,22,{"v":3744.3999999999996,"d":"3744.40"},{"v":3574.2,"d":"3574.20"},{"v":3914.6,"d":"3,914.60"},{"v":3404,"d":"3,404.00"},{"v":3744.3999999999996,"d":"3,744.40"},{"v":0,"d":"0.00"},{"v":0,"d":"0.00"},{"v":0,"d":"0.00"},{"v":0,"d":"0.00"},{"v":0,"d":"0.00"},{"v":0,"d":"0.00"}]
[4,"Россыпь пескосоляной смеси вручную на тротуарах, площадках",{"$f":"1.69*1.18","v":{"v":1.9941999999999998,"d":"1.99"}},null,"м2",{"v":170.2,"d":"170.20"},30,31,31,28,31,{"v":5106,"d":"5106.00"},{"v":5276.2,"d":"5276.20"},{"v":5276.2,"d":"5,276.20"},{"v":4765.599999999999,"d":"4,765.60"},{"v":5276.2,"d":"5,276.20"},{"v":0,"d":"0.00"},{"v":0,"d":"0.00"},{"v":0,"d":"0.00"},{"v":0,"d":"0.00"},{"v":0,"d":"0.00"},{"v":0,"d":"0.00"}]
[5,"Очистка от снега  дорожных знаков, указателей вручную (2 шт.)",{"$f":"2.42*1.18","v":{"v":2.8556,"d":"2.86"}},null,"м2",{"v":1,"d":"1.00"},4,5,4,4,5,{"v":4,"d":"4.00"},{"v":5,"d":"5.00"},{"v":4,"d":"4.00"},{"v":4,"d":"4.00"},{"v":5,"d":"5.00"},{"v":0,"d":"0.00"},{"v":0,"d":"0.00"},{"v":0,"d":"0.00"},{"v":0,"d":"0.00"},{"v":0,"d":"0.00"},{"v":0,"d":"0.00"}]
[6,"Разбрасывание снега возле стоек дорожных знаков и опор дорожного освещения (23 опоры освещения и 2 информационных указателя)",{"$f":"4.1076*1.18","v":{"v":4.8469679999999995,"d":"4.85"}},null,"м2",{"v":50,"d":"50.00"},4,5,4,4,5,{"v":200,"d":"200.00"},{"v":250,"d":"250.00"},{"v":200,"d":"200.00"},{"v":200,"d":"200.00"},{"v":250,"d":"250.00"},{"v":0,"d":"0.00"},{"v":0,"d":"0.00"},{"v":0,"d":"0.00"},{"v":0,"d":"0.00"},{"v":0,"d":"0.00"},{"v":0,"d":"0.00"}]
[7,"Очистка скамеек от снега вручную (17шт.)",{"$f":"7.54*1.18","v":{"v":8.8972,"d":"8.90"}},null,"м2",{"v":30.6,"d":"30.60"},4,5,4,4,5,{"v":122.4,"d":"122.40"},{"v":153,"d":"153.00"},{"v":122.4,"d":"122.40"},{"v":122.4,"d":"122.40"},{"v":153,"d":"153.00"},{"v":0,"d":"0.00"},{"v":0,"d":"0.00"},{"v":0,"d":"0.00"},{"v":0,"d":"0.00"},{"v":0,"d":"0.00"},{"v":0,"d":"0.00"}]
[8,"Погрузка и вывоз снега с последующей утилизацией",364.46,null,"м3",15.22,15,15,16,14,15,{"v":228.3,"d":"228.30"},{"v":228.3,"d":"228.30"},243.52,213.08,{"v":228.3,"d":"228.30"},{"v":0,"d":"0.00"},{"v":0,"d":"0.00"},{"v":0,"d":"0.00"},{"v":0,"d":"0.00"},{"v":0,"d":"0.00"},{"v":0,"d":"0.00"}]
[9,"Очистка урн и пепельниц от мусора",{"$f":"8.03*1.18","v":{"v":9.475399999999999,"d":"9.48"}},null,"шт",{"v":14,"d":"14.00"},30,31,31,28,31,{"v":420,"d":"420.00"},{"v":434,"d":"434.00"},{"v":434,"d":"434.00"},{"v":392,"d":"392.00"},{"v":434,"d":"434.00"},{"v":0,"d":"0.00"},{"v":0,"d":"0.00"},{"$f":"ROUND(($D15*N15),2)","v":{"v":0,"d":"0.00"}},{"v":0,"d":"0.00"},{"v":0,"d":"0.00"},{"$f":"SUM(S15:U15)","v":{"v":0,"d":"0.00"}}]
[10,"Комплексное содержание системы наружного освещения: садово-парковые, прожекторы цветодинамические, грунтовые светильники. При этом выполняются следующие виды работ:ежедневно: наружный осмотр арматуры на предмет отсутствия повреждений; ежемесячно: удаление пыли и грязи, протирка арматуры, внутренний осмотр арматуры, проверка подключений к арматуре электропроводки и сетей заземления, ликвидация видимых повреждений, проверка наличия заземления и зануления, замена перегоревших ламп, пускорегулирующей арматуры, проверка надежности креплений, подвесок, проверка уровня освещенности, контрольный замер напряжения в сети со стороны питания, ликвидация неисправностей и видимых повреждений по мере обнаружения)",{"$f":"915.99*1.18","v":{"v":1080.8682,"d":"1080.87"}},null,"шт.",{"v":23,"d":"23.00"},1,1,1,1,1,{"v":23,"d":"23.00"},{"v":23,"d":"23.00"},{"v":23,"d":"23.00"},{"v":23,"d":"23.00"},{"v":23,"d":"23.00"},{"v":0,"d":"0.00"},{"v":0,"d":"0.00"},{"v":0,"d":"0.00"},{"v":0,"d":"0.00"},{"v":0,"d":"0.00"},{"$f":"SUM(S16:U16)","v":{"v":0,"d":"0.00"}}]
[null,"Итого по объекту Участок Лесопарка в зоне Z2.1 вблизи Офисного центра «Технопарк» (1-я очередь)  в зимний период",{"$nulls":14},{"$f":"SUM(Q7:Q16)","v":{"v":0,"d":"0.00"}},{"$f":"SUM(R7:R16)","v":{"v":0,"d":"0.00"}},{"$f":"SUM(S7:S16)","v":{"v":0,"d":"0.00"}},{"$f":"SUM(T7:T16)","v":{"v":0,"d":"0.00"}},{"$f":"SUM(U7:U16)","v":{"v":0,"d":"0.00"}},{"$f":"Q17+R17+S17+T17+U17","v":{"v":0,"d":"0.00"}}]
[null,"Разовые работы",20193.31,{"$nulls":18},{"$f":"D18","v":{"v":0,"d":"0.00"}}]
[null,"Итого с разовыми работами по объекту Участок Лесопарка в зоне Z2.1 вблизи Офисного центра «Технопарк» (1-я очередь)  в зимний период",{"$nulls":19},{"$f":"V17+V18","v":{"v":0,"d":"0.00"}}]
[null,"в т.ч. НДС 18%",{"$nulls":19},{"$f":"V19/1.18*0.18","v":{"v":0,"d":"0.00"}}]
["Участок Лесопарка в зоне Z2.1 вблизи Офисного центра «Технопарк» (2-я очередь) "]
[1,"Механизированная уборка территории (дорог, стоянок, площадок) с асфальтовым и плиточным покрытием от снега",{"$f":"0.64*1.18","v":{"v":0.7552,"d":"0.76"}},null,"м2",597.96,22,21,23,20,22,{"$f":"F22*G22","v":13155.12},{"$f":"F22*H22","v":12557.16},{"$f":"F22*I22","v":{"v":13753.080000000002,"d":"13,753.08"}},{"$f":"F22*J22","v":{"v":11959.2,"d":"11,959.20"}},{"$f":"F22*K22","v":{"v":13155.12,"d":"13,155.12"}},{"$f":"D22*F22*G22","v":{"v":0,"d":"0.00"}},{"$f":"D22*F22*H22","v":{"v":0,"d":"0.00"}},{"$f":"D22*F22*I22","v":{"v":0,"d":"0.00"}},{"$f":"D22*F22*J22","v":{"v":0,"d":"0.00"}},{"$f":"D22*F22*K22","v":{"v":0,"d":"0.00"}},{"$f":"Q22+R22+S22+T22+U22","v":{"v":0,"d":"0.00"}}]
[2,"Механизированное распределение пескосоляной смеси",{"$f":"0.99*1.18","v":{"v":1.1682,"d":"1.17"}},null,"м2",597.96,30,31,31,28,31,{"v":17938.800000000003,"d":"17938.80"},{"v":18536.760000000002,"d":"18536.76"},{"v":18536.760000000002,"d":"18,536.76"},{"v":16742.88,"d":"16,742.88"},{"v":18536.760000000002,"d":"18,536.76"},{"v":0,"d":"0.00"},{"v":0,"d":"0.00"},{"v":0,"d":"0.00"},{"v":0,"d":"0.00"},{"v":0,"d":"0.00"},{"v":0,"d":"0.00"}]
[3,"Очистка тротуаров, площадок от снега и льда вручную",{"$f":"1.75*1.18","v":{"v":2.065,"d":"2.07"}},null,"м2",66.44,22,21,23,20,22,{"v":1461.6799999999998,"d":"1461.68"},1395.24,{"v":1528.12,"d":"1,528.12"},{"v":1328.8,"d":"1,328.80"},{"v":1461.6799999999998,"d":"1,461.68"},{"v":0,"d":"0.00"},{"v":0,"d":"0.00"},{"v":0,"d":"0.00"},{"v":0,"d":"0.00"},{"v":0,"d":"0.00"},{"v":0,"d":"0.00"}]
[4,"Россыпь пескосоляной смеси вручную на тротуарах, площадках",{"$f":"1.69*1.18","v":{"v":1.9941999999999998,"d":"1.99"}},null,"м2",66.44,30,31,31,28,31,{"v":1993.1999999999998,"d":"1993.20"},2059.64,{"v":2059.64,"d":"2,059.64"},{"v":1860.32,"d":"1,860.32"},{"v":2059.64,"d":"2,059.64"},{"v":0,"d":"0.00"},{"v":0,"d":"0.00"},{"v":0,"d":"0.00"},{"v":0,"d":"0.00"},{"v":0,"d":"0.00"},{"v":0,"d":"0.00"}]
[5,"Разбрасывание снега возле стоек дорожных знаков и опор дорожного освещения (14 опор освещения)",{"$f":"4.1076*1.18","v":{"v":4.8469679999999995,"d":"4.85"}},null,"м2",{"v":28,"d":"28.00"},4,5,4,4,5,{"v":112,"d":"112.00"},{"v":140,"d":"140.00"},{"v":112,"d":"112.00"},{"v":112,"d":"112.00"},{"v":140,"d":"140.00"},{"v":0,"d":"0.00"},{"v":0,"d":"0.00"},{"v":0,"d":"0.00"},{"v":0,"d":"0.00"},{"v":0,"d":"0.00"},{"v":0,"d":"0.00"}]
[6,"Очистка скамеек от снега вручную",{"$f":"7.54*1.18","v":{"v":8.8972,"d":"8.90"}},null,"м2",{"v":6,"d":"6.00"},4,5,4,4,5,{"v":24,"d":"24.00"},{"v":30,"d":"30.00"},{"v":24,"d":"24.00"},{"v":24,"d":"24.00"},{"v":30,"d":"30.00"},{"v":0,"d":"0.00"},{"v":0,"d":"0.00"},{"v":0,"d":"0.00"},{"v":0,"d":"0.00"},{"v":0,"d":"0.00"},{"v":0,"d":"0.00"}]
[7,"Погрузка и вывоз снега с последующей утилизацией",{"$f":"308.87*1.18","v":{"v":364.46659999999997,"d":"364.47"}},null,"м3",31.09,15,15,16,14,15,466.35,466.35,497.44,435.26,466.35,{"v":0,"d":"0.00"},{"v":0,"d":"0.00"},{"v":0,"d":"0.00"},{"v":0,"d":"0.00"},{"v":0,"d":"0.00"},{"v":0,"d":"0.00"}]
[8,"Очистка урн и пепельниц от мусора",{"$f":"8.03*1.18","v":{"v":9.475399999999999,"d":"9.48"}},null,"шт",{"v":3,"d":"3.00"},30,31,31,28,31,{"v":90,"d":"90.00"},{"v":93,"d":"93.00"},{"v":93,"d":"93.00"},{"v":84,"d":"84.00"},{"v":93,"d":"93.00"},{"v":0,"d":"0.00"},{"v":0,"d":"0.00"},{"$f":"ROUND(($D29*N29),2)","v":{"v":0,"d":"0.00"}},{"v":0,"d":"0.00"},{"v":0,"d":"0.00"},{"$f":"SUM(S29:U29)","v":{"v":0,"d":"0.00"}}]
[9,"Комплексное содержание системы наружного освещения: садово-парковые, прожекторы цветодинамические, грунтовые светильники. При этом выполняются следующие виды работ:ежедневно: наружный осмотр арматуры на предмет отсутствия повреждений; ежемесячно: удаление пыли и грязи, протирка арматуры, внутренний осмотр арматуры, проверка подключений к арматуре электропроводки и сетей заземления, ликвидация видимых повреждений, проверка наличия заземления и зануления, замена перегоревших ламп, пускорегулирующей арматуры, проверка надежности креплений, подвесок, проверка уровня освещенности, контрольный замер напряжения в сети со стороны питания, ликвидация неисправностей и видимых повреждений по мере обнаружения)",{"$f":"915.99*1.18","v":{"v":1080.8682,"d":"1080.87"}},null,"шт.",{"v":14,"d":"14.00"},1,1,1,1,1,{"v":14,"d":"14.00"},{"v":14,"d":"14.00"},{"v":14,"d":"14.00"},{"v":14,"d":"14.00"},{"v":14,"d":"14.00"},{"v":0,"d":"0.00"},{"v":0,"d":"0.00"},{"v":0,"d":"0.00"},{"v":0,"d":"0.00"},{"v":0,"d":"0.00"},{"$f":"SUM(S30:U30)","v":{"v":0,"d":"0.00"}}]
[null,"Итого по объекту Участок Лесопарка в зоне Z2.1 вблизи Офисного центра «Технопарк» (2-я очередь) в зимний период",{"$nulls":14},{"$f":"SUM(Q22:Q30)","v":{"v":0,"d":"0.00"}},{"$f":"SUM(R22:R30)","v":{"v":0,"d":"0.00"}},{"$f":"SUM(S22:S30)","v":{"v":0,"d":"0.00"}},{"$f":"SUM(T22:T30)","v":{"v":0,"d":"0.00"}},{"$f":"SUM(U22:U30)","v":{"v":0,"d":"0.00"}},{"$f":"Q31+R31+S31+T31+U31","v":{"v":0,"d":"0.00"}}]
[null,"Разовые работы ",19854.01,{"$nulls":18},{"$f":"D32","v":{"v":0,"d":"0.00"}}]
[null,"Итого с разовыми работами по объекту Участок Лесопарка в зоне Z2.1 вблизи Офисного центра «Технопарк» (2-я очередь)  в зимний период",{"$nulls":19},{"$f":"V31+V32","v":{"v":0,"d":"0.00"}}]
[null,"в т.ч. НДС 18%",{"$nulls":19},{"$f":"V33/1.18*0.18","v":{"v":0,"d":"0.00"}}]
["Участок Кампус-парка в зоне Z2.1 вблизи 10-го квартала района D2"]
[1,"Механизированная уборка территории (дорог, стоянок, площадок) с асфальтовым и плиточным покрытием от снега",{"$f":"0.64*1.18","v":{"v":0.7552,"d":"0.76"}},null,"м2",{"v":1318.5,"d":"1,318.50"},22,21,23,20,22,{"$f":"F36*G36","v":{"v":29007,"d":"29007.00"}},{"$f":"F36*H36","v":27688.5},{"$f":"F36*I36","v":{"v":30325.5,"d":"30,325.50"}},{"$f":"F36*J36","v":{"v":26370,"d":"26,370.00"}},{"$f":"F36*K36","v":{"v":29007,"d":"29,007.00"}},{"$f":"D36*F36*G36","v":{"v":0,"d":"0.00"}},{"$f":"D36*F36*H36","v":{"v":0,"d":"0.00"}},{"$f":"D36*F36*I36","v":{"v":0,"d":"0.00"}},{"$f":"D36*F36*J36","v":{"v":0,"d":"0.00"}},{"$f":"D36*F36*K36","v":{"v":0,"d":"0.00"}},{"$f":"Q36+R36+S36+T36+U36","v":{"v":0,"d":"0.00"}}]
[2,"Механизированное распределение пескосоляной смеси",{"$f":"0.99*1.18","v":{"v":1.1682,"d":"1.17"}},null,"м2",{"v":1318.5,"d":"1,318.50"},30,31,31,28,31,{"v":39555,"d":"39555.00"},{"v":40873.5,"d":"40873.50"},{"v":40873.5,"d":"40,873.50"},{"v":36918,"d":"36,918.00"},{"v":40873.5,"d":"40,873.50"},{"v":0,"d":"0.00"},{"v":0,"d":"0.00"},{"v":0,"d":"0.00"},{"v":0,"d":"0.00"},{"v":0,"d":"0.00"},{"v":0,"d":"0.00"}]
[3,"Очистка тротуаров, площадок от снега и льда вручную",{"$f":"1.75*1.18","v":{"v":2.065,"d":"2.07"}},null,"м2",{"v":1615.5,"d":"1,615.50"},22,21,23,20,22,{"v":35541,"d":"35541.00"},{"v":33925.5,"d":"33925.50"},{"v":37156.5,"d":"37,156.50"},{"v":32310,"d":"32,310.00"},{"v":35541,"d":"35,541.00"},{"v":0,"d":"0.00"},{"v":0,"d":"0.00"},{"v":0,"d":"0.00"},{"v":0,"d":"0.00"},{"v":0,"d":"0.00"},{"v":0,"d":"0.00"}]
[4,"Россыпь пескосоляной смеси вручную на тротуарах, площадках",{"$f":"1.69*1.18","v":{"v":1.9941999999999998,"d":"1.99"}},null,"м2",{"v":1615.5,"d":"1,615.50"},30,31,31,28,31,{"v":48465,"d":"48465.00"},{"v":50080.5,"d":"50080.50"},{"v":50080.5,"d":"50,080.50"},{"v":45234,"d":"45,234.00"},{"v":50080.5,"d":"50,080.50"},{"v":0,"d":"0.00"},{"v":0,"d":"0.00"},{"v":0,"d":"0.00"},{"v":0,"d":"0.00"},{"v":0,"d":"0.00"},{"v":0,"d":"0.00"}]
[5,"Разбрасывание снега возле стоек дорожных знаков и опор дорожного освещения (20шт. опор освещения и 8 шт. фонари-столбики)",{"$f":"4.1076*1.18","v":{"v":4.8469679999999995,"d":"4.85"}},null,"м2",{"v":56,"d":"56.00"},4,5,4,4,5,{"v":224,"d":"224.00"},{"v":280,"d":"280.00"},{"v":224,"d":"224.00"},{"v":224,"d":"224.00"},{"v":280,"d":"280.00"},{"v":0,"d":"0.00"},{"v":0,"d":"0.00"},{"v":0,"d":"0.00"},{"v":0,"d":"0.00"},{"v":0,"d":"0.00"},{"v":0,"d":"0.00"}]
[6,"Очистка скамеек, садовых диванов, урн от снега вручную. (17 шт.)",{"$f":"7.54*1.18","v":{"v":8.8972,"d":"8.90"}},null,"м2",{"v":33.9,"d":"33.90"},4,5,4,4,5,{"v":135.6,"d":"135.60"},{"v":169.5,"d":"169.50"},{"v":135.6,"d":"135.60"},{"v":135.6,"d":"135.60"},{"v":169.5,"d":"169.50"},{"v":0,"d":"0.00"},{"v":0,"d":"0.00"},{"v":0,"d":"0.00"},{"v":0,"d":"0.00"},{"v":0,"d":"0.00"},{"v":0,"d":"0.00"}]
[7,"Погрузка и вывоз снега с последующей утилизацией",364.46,null,"м3",{"v":31.417,"d":"31.42"},15,15,16,14,15,{"v":471.255,"d":"471.26"},{"v":471.255,"d":"471.26"},{"v":502.672,"d":"502.67"},{"v":439.838,"d":"439.84"},{"v":471.255,"d":"471.26"},{"v":0,"d":"0.00"},{"v":0,"d":"0.00"},{"v":0,"d":"0.00"},{"v":0,"d":"0.00"},{"v":0,"d":"0.00"},{"v":0,"d":"0.00"}]
[8,"Очистка урн и пепельниц от мусора",{"$f":"8.03*1.18","v":{"v":9.475399999999999,"d":"9.48"}},null,"шт",{"v":15,"d":"15.00"},30,31,31,28,31,{"v":450,"d":"450.00"},{"v":465,"d":"465.00"},{"v":465,"d":"465.00"},{"v":420,"d":"420.00"},{"v":465,"d":"465.00"},{"v":0,"d":"0.00"},{"v":0,"d":"0.00"},{"$f":"ROUND(($D43*N43),2)","v":{"v":0,"d":"0.00"}},{"v":0,"d":"0.00"},{"v":0,"d":"0.00"},{"$f":"SUM(S43:U43)","v":{"v":0,"d":"0.00"}}]
[9,"Комплексное содержание системы наружного освещения: садово-парковые, прожекторы цветодинамические, грунтовые светильники. При этом выполняются следующие виды работ:ежедневно: наружный осмотр арматуры на предмет отсутствия повреждений; ежемесячно: удаление пыли и грязи, протирка арматуры, внутренний осмотр арматуры, проверка подключений к арматуре электропроводки и сетей заземления, ликвидация видимых повреждений, проверка наличия заземления и зануления, замена перегоревших ламп, пускорегулирующей арматуры, проверка надежности креплений, подвесок, проверка уровня освещенности, контрольный замер напряжения в сети со стороны питания, ликвидация неисправностей и видимых повреждений по мере обнаружения)",{"$f":"915.99*1.18","v":{"v":1080.8682,"d":"1080.87"}},null,"шт.",{"v":56,"d":"56.00"},1,1,1,1,1,{"v":56,"d":"56.00"},{"v":56,"d":"56.00"},{"v":56,"d":"56.00"},{"v":56,"d":"56.00"},{"v":56,"d":"56.00"},{"v":0,"d":"0.00"},{"v":0,"d":"0.00"},{"v":0,"d":"0.00"},{"v":0,"d":"0.00"},{"v":0,"d":"0.00"},{"$f":"SUM(S44:U44)","v":{"v":0,"d":"0.00"}}]
[null,"Итого по объекту Участок Кампус-парка в зоне Z2.1 вблизи 10-го квартала района D2 в зимний период",{"$nulls":14},{"$f":"SUM(Q36:Q44)","v":{"v":0,"d":"0.00"}},{"$f":"SUM(R36:R44)","v":{"v":0,"d":"0.00"}},{"$f":"SUM(S36:S44)","v":{"v":0,"d":"0.00"}},{"$f":"SUM(T36:T44)","v":{"v":0,"d":"0.00"}},{"$f":"SUM(U36:U44)","v":{"v":0,"d":"0.00"}},{"$f":"Q45+R45+S45+T45+U45","v":{"v":0,"d":"0.00"}}]
[null,"Разовые работы ",47647.09,{"$nulls":18},{"$f":"D46","v":{"v":0,"d":"0.00"}}]
[null,"Итого с разовыми работами по объекту Участок Кампус-парка в зоне Z2.1 вблизи 10-го квартала района D2 в зимний период",{"$nulls":19},{"$f":"V45+V46","v":{"v":0,"d":"0.00"}}]
[null,"в т.ч. НДС 18%",{"$nulls":19},{"$f":"V47/1.18*0.18","v":{"v":0,"d":"0.00"}}]
["Участок Кампус-парка в зоне Z2.1 вблизи западной части \"Делового центра Сколково\""]
[1,"Механизированная уборка территории (дорог, стоянок, площадок) с асфальтовым и плиточным покрытием от снега",{"$f":"0.64*1.18","v":{"v":0.7552,"d":"0.76"}},null,"м2",{"v":1301,"d":"1,301.00"},22,21,23,20,22,{"$f":"F50*G50","v":{"v":28622,"d":"28622.00"}},{"$f":"F50*H50","v":27321},{"$f":"F50*I50","v":{"v":29923,"d":"29,923.00"}},{"$f":"F50*J50","v":{"v":26020,"d":"26,020.00"}},{"$f":"F50*K50","v":{"v":28622,"d":"28,622.00"}},{"$f":"D50*F50*G50","v":{"v":0,"d":"0.00"}},{"$f":"D50*F50*H50","v":{"v":0,"d":"0.00"}},{"$f":"D50*F50*I50","v":{"v":0,"d":"0.00"}},{"$f":"D50*F50*J50","v":{"v":0,"d":"0.00"}},{"$f":"D50*F50*K50","v":{"v":0,"d":"0.00"}},{"$f":"Q50+R50+S50+T50+U50","v":{"v":0,"d":"0.00"}}]
[2,"Механизированное распределение пескосоляной смеси",{"$f":"0.99*1.18","v":{"v":1.1682,"d":"1.17"}},null,"м2",{"v":1301,"d":"1,301.00"},30,31,31,28,31,{"v":39030,"d":"39030.00"},{"v":40331,"d":"40331.00"},{"v":40331,"d":"40,331.00"},{"v":36428,"d":"36,428.00"},{"v":40331,"d":"40,331.00"},{"v":0,"d":"0.00"},{"v":0,"d":"0.00"},{"v":0,"d":"0.00"},{"v":0,"d":"0.00"},{"v":0,"d":"0.00"},{"v":0,"d":"0.00"}]
[3,"Очистка тротуаров, площадок от снега и льда вручную",{"$f":"1.75*1.18","v":{"v":2.065,"d":"2.07"}},null,"м2",{"v":500,"d":"500.00"},22,21,23,20,22,{"v":11000,"d":"11000.00"},{"v":10500,"d":"10500.00"},{"v":11500,"d":"11,500.00"},{"v":10000,"d":"10,000.00"},{"v":11000,"d":"11,000.00"},{"v":0,"d":"0.00"},{"v":0,"d":"0.00"},{"v":0,"d":"0.00"},{"v":0,"d":"0.00"},{"v":0,"d":"0.00"},{"v":0,"d":"0.00"}]
[4,"Россыпь пескосоляной смеси вручную на тротуарах, площадках",{"$f":"1.69*1.18","v":{"v":1.9941999999999998,"d":"1.99"}},null,"м2",{"v":500,"d":"500.00"},30,31,31,28,31,{"v":15000,"d":"15000.00"},{"v":15500,"d":"15500.00"},{"v":15500,"d":"15,500.00"},{"v":14000,"d":"14,000.00"},{"v":15500,"d":"15,500.00"},{"v":0,"d":"0.00"},{"v":0,"d":"0.00"},{"v":0,"d":"0.00"},{"v":0,"d":"0.00"},{"v":0,"d":"0.00"},{"v":0,"d":"0.00"}]
[5,"Очистка от снега  дорожных знаков, указателей вручную (3шт.)",{"$f":"2.42*1.18","v":{"v":2.8556,"d":"2.86"}},null,"м2",{"v":1.5,"d":"1.50"},4,5,4,4,5,{"v":6,"d":"6.00"},{"v":7.5,"d":"7.50"},{"v":6,"d":"6.00"},{"v":6,"d":"6.00"},{"v":7.5,"d":"7.50"},{"v":0,"d":"0.00"},{"v":0,"d":"0.00"},{"v":0,"d":"0.00"},{"v":0,"d":"0.00"},{"v":0,"d":"0.00"},{"v":0,"d":"0.00"}]
[6,"Разбрасывание снега возле стоек дорожных знаков и опор дорожного освещения (25 шт. опор освещения, информационный указатель - 2шт., информационный стенд - 1шт.)",{"$f":"4.1076*1.18","v":{"v":4.8469679999999995,"d":"4.85"}},null,"м2",{"v":56,"d":"56.00"},4,5,4,4,5,{"v":224,"d":"224.00"},{"v":280,"d":"280.00"},{"v":224,"d":"224.00"},{"v":224,"d":"224.00"},{"v":280,"d":"280.00"},{"v":0,"d":"0.00"},{"v":0,"d":"0.00"},{"v":0,"d":"0.00"},{"v":0,"d":"0.00"},{"v":0,"d":"0.00"},{"v":0,"d":"0.00"}]
[7,"Очистка скамеек от снега вручную (7 радиусных скамеек) ",{"$f":"7.54*1.18","v":{"v":8.8972,"d":"8.90"}},null,"м2",{"v":75,"d":"75.00"},4,5,4,4,5,{"v":300,"d":"300.00"},{"v":375,"d":"375.00"},{"v":300,"d":"300.00"},{"v":300,"d":"300.00"},{"v":375,"d":"375.00"},{"v":0,"d":"0.00"},{"v":0,"d":"0.00"},{"v":0,"d":"0.00"},{"v":0,"d":"0.00"},{"v":0,"d":"0.00"},{"v":0,"d":"0.00"}]
[8,"Погрузка и вывоз снега с последующей утилизацией",364.46,null,"м3",{"v":23.2,"d":"23.20"},15,15,16,14,15,{"v":348,"d":"348.00"},{"v":348,"d":"348.00"},{"v":371.2,"d":"371.20"},{"v":324.8,"d":"324.80"},{"v":348,"d":"348.00"},{"v":0,"d":"0.00"},{"v":0,"d":"0.00"},{"v":0,"d":"0.00"},{"v":0,"d":"0.00"},{"v":0,"d":"0.00"},{"v":0,"d":"0.00"}]
[9,"Очистка урн и пепельниц от мусора",{"$f":"8.03*1.18","v":{"v":9.475399999999999,"d":"9.48"}},null,"шт",{"v":12,"d":"12.00"},30,31,31,28,31,{"v":360,"d":"360.00"},{"v":372,"d":"372.00"},{"v":372,"d":"372.00"},{"v":336,"d":"336.00"},{"v":372,"d":"372.00"},{"v":0,"d":"0.00"},{"v":0,"d":"0.00"},{"$f":"ROUND(($D58*N58),2)","v":{"v":0,"d":"0.00"}},{"v":0,"d":"0.00"},{"v":0,"d":"0.00"},{"$f":"SUM(S58:U58)","v":{"v":0,"d":"0.00"}}]
[10,"Комплексное содержание системы наружного освещения: садово-парковые, прожекторы цветодинамические, грунтовые светильники. При этом выполняются следующие виды работ:ежедневно: наружный осмотр арматуры на предмет отсутствия повреждений; ежемесячно: удаление пыли и грязи, протирка арматуры, внутренний осмотр арматуры, проверка подключений к арматуре электропроводки и сетей заземления, ликвидация видимых повреждений, проверка наличия заземления и зануления, замена перегоревших ламп, пускорегулирующей арматуры, проверка надежности креплений, подвесок, проверка уровня освещенности, контрольный замер напряжения в сети со стороны питания, ликвидация неисправностей и видимых повреждений по мере обнаружения)",{"$f":"915.99*1.18","v":{"v":1080.8682,"d":"1080.87"}},null,"шт.",{"v":55,"d":"55.00"},1,1,1,1,1,{"v":55,"d":"55.00"},{"v":55,"d":"55.00"},{"v":55,"d":"55.00"},{"v":55,"d":"55.00"},{"v":55,"d":"55.00"},{"v":0,"d":"0.00"},{"v":0,"d":"0.00"},{"v":0,"d":"0.00"},{"v":0,"d":"0.00"},{"v":0,"d":"0.00"},{"$f":"SUM(S59:U59)","v":{"v":0,"d":"0.00"}}]
[null,"Итого по объекту Участок Кампус-парка в зоне Z2.1 вблизи западной части \"Делового центра Сколково\" в зимний период",{"$nulls":14},{"$f":"SUM(Q50:Q59)","v":{"v":0,"d":"0.00"}},{"$f":"SUM(R50:R59)","v":{"v":0,"d":"0.00"}},{"$f":"SUM(S50:S59)","v":{"v":0,"d":"0.00"}},{"$f":"SUM(T50:T59)","v":{"v":0,"d":"0.00"}},{"$f":"SUM(U50:U59)","v":{"v":0,"d":"0.00"}},{"$f":"Q60+R60+S60+T60+U60","v":{"v":0,"d":"0.00"}}]
[null,"Разовые работы ",31339.86,{"$nulls":18},{"$f":"D61","v":{"v":0,"d":"0.00"}}]
[null,"Итого с разовыми работами по объекту  Участок Кампус-парка в зоне Z2.1 вблизи западной части \"Делового центра Сколково\" в зимний период",{"$nulls":19},{"$f":"V60+V61","v":{"v":0,"d":"0.00"}}]
[null,"в т.ч. НДС 18%",{"$nulls":19},{"$f":"V62/1.18*0.18","v":{"v":0,"d":"0.00"}}]
["Участок Кампус-парка в зоне Z2.1 вблизи южной части \"Делового центра Сколково\""]
[1,"Механизированная уборка территории (дорог, стоянок, площадок) с асфальтовым и плиточным покрытием от снега",{"$f":"0.64*1.18","v":{"v":0.7552,"d":"0.76"}},null,"м2",{"v":1629,"d":"1,629.00"},22,21,23,20,22,{"$f":"F65*G65","v":{"v":35838,"d":"35838.00"}},{"$f":"F65*H65","v":34209},{"$f":"F65*I65","v":{"v":37467,"d":"37,467.00"}},{"$f":"F65*J65","v":{"v":32580,"d":"32,580.00"}},{"$f":"F65*K65","v":{"v":35838,"d":"35,838.00"}},{"$f":"D65*F65*G65","v":{"v":0,"d":"0.00"}},{"$f":"D65*F65*H65","v":{"v":0,"d":"0.00"}},{"$f":"D65*F65*I65","v":{"v":0,"d":"0.00"}},{"$f":"D65*F65*J65","v":{"v":0,"d":"0.00"}},{"$f":"D65*F65*K65","v":{"v":0,"d":"0.00"}},{"$f":"Q65+R65+S65+T65+U65","v":{"v":0,"d":"0.00"}}]
[2,"Механизированное распределение пескосоляной смеси",{"$f":"0.99*1.18","v":{"v":1.1682,"d":"1.17"}},null,"м2",{"v":1629,"d":"1,629.00"},30,31,31,28,31,{"v":48870,"d":"48870.00"},{"v":50499,"d":"50499.00"},{"v":50499,"d":"50,499.00"},{"v":45612,"d":"45,612.00"},{"v":50499,"d":"50,499.00"},{"v":0,"d":"0.00"},{"v":0,"d":"0.00"},{"v":0,"d":"0.00"},{"v":0,"d":"0.00"},{"v":0,"d":"0.00"},{"v":0,"d":"0.00"}]
[3,"Очистка тротуаров, площадок от снега и льда вручную",{"$f":"1.75*1.18","v":{"v":2.065,"d":"2.07"}},null,"м2",{"v":181,"d":"181.00"},22,21,23,20,22,{"v":3982,"d":"3982.00"},{"v":3801,"d":"3801.00"},{"v":4163,"d":"4,163.00"},{"v":3620,"d":"3,620.00"},{"v":3982,"d":"3,982.00"},{"v":0,"d":"0.00"},{"v":0,"d":"0.00"},{"v":0,"d":"0.00"},{"v":0,"d":"0.00"},{"v":0,"d":"0.00"},{"v":0,"d":"0.00"}]
[4,"Россыпь пескосоляной смеси вручную на тротуарах, площадках",{"$f":"1.69*1.18","v":{"v":1.9941999999999998,"d":"1.99"}},null,"м2",{"v":181,"d":"181.00"},30,31,31,28,31,{"v":5430,"d":"5430.00"},{"v":5611,"d":"5611.00"},{"v":5611,"d":"5,611.00"},{"v":5068,"d":"5,068.00"},{"v":5611,"d":"5,611.00"},{"v":0,"d":"0.00"},{"v":0,"d":"0.00"},{"v":0,"d":"0.00"},{"v":0,"d":"0.00"},{"v":0,"d":"0.00"},{"v":0,"d":"0.00"}]
[5,"Очистка от снега  дорожных знаков, стендов, указателей вручную (3шт.)",{"$f":"2.42*1.18","v":{"v":2.8556,"d":"2.86"}},null,"м2",{"v":1.5,"d":"1.50"},4,5,4,4,5,{"v":6,"d":"6.00"},{"v":7.5,"d":"7.50"},{"v":6,"d":"6.00"},{"v":6,"d":"6.00"},{"v":7.5,"d":"7.50"},{"v":0,"d":"0.00"},{"v":0,"d":"0.00"},{"v":0,"d":"0.00"},{"v":0,"d":"0.00"},{"v":0,"d":"0.00"},{"v":0,"d":"0.00"}]
[6,"Разбрасывание снега возле стоек дорожных знаков и опор дорожного освещения (29 опор освещения, 26 фонарей-столбиков, 3 информационных указателя: по 2м2)",{"$f":"4.1076*1.18","v":{"v":4.8469679999999995,"d":"4.85"}},null,"м2",{"v":116,"d":"116.00"},4,5,4,4,5,{"v":464,"d":"464.00"},{"v":580,"d":"580.00"},{"v":464,"d":"464.00"},{"v":464,"d":"464.00"},{"v":580,"d":"580.00"},{"v":0,"d":"0.00"},{"v":0,"d":"0.00"},{"v":0,"d":"0.00"},{"v":0,"d":"0.00"},{"v":0,"d":"0.00"},{"v":0,"d":"0.00"}]
[7,"Очистка скамеек от снега вручную (19 шт.)",{"$f":"7.54*1.18","v":{"v":8.8972,"d":"8.90"}},null,"м2",{"v":34.8,"d":"34.80"},4,5,4,4,5,{"v":139.2,"d":"139.20"},{"v":174,"d":"174.00"},{"v":139.2,"d":"139.20"},{"v":139.2,"d":"139.20"},{"v":174,"d":"174.00"},{"v":0,"d":"0.00"},{"v":0,"d":"0.00"},{"v":0,"d":"0.00"},{"v":0,"d":"0.00"},{"v":0,"d":"0.00"},{"v":0,"d":"0.00"}]
[8,"Погрузка и вывоз снега с последующей утилизацией",364.46,null,"м3",18.15,15,15,16,14,15,272.25,272.25,{"v":290.4,"d":"290.40"},{"v":254.09999999999997,"d":"254.10"},272.25,{"v":0,"d":"0.00"},{"v":0,"d":"0.00"},{"v":0,"d":"0.00"},{"v":0,"d":"0.00"},{"v":0,"d":"0.00"},{"v":0,"d":"0.00"}]
[9,"Очистка урн и пепельниц от мусора",{"$f":"8.03*1.18","v":{"v":9.475399999999999,"d":"9.48"}},null,"шт",{"v":19,"d":"19.00"},30,31,31,28,31,{"v":570,"d":"570.00"},{"v":589,"d":"589.00"},{"v":589,"d":"589.00"},{"v":532,"d":"532.00"},{"v":589,"d":"589.00"},{"v":0,"d":"0.00"},{"v":0,"d":"0.00"},{"$f":"ROUND(($D73*N73),2)","v":{"v":0,"d":"0.00"}},{"v":0,"d":"0.00"},{"v":0,"d":"0.00"},{"$f":"SUM(S73:U73)","v":{"v":0,"d":"0.00"}}]
[10,"Комплексное содержание системы наружного освещения: садово-парковые, прожекторы цветодинамические, грунтовые светильники. При этом выполняются следующие виды работ:ежедневно: наружный осмотр арматуры на предмет отсутствия повреждений; ежемесячно: удаление пыли и грязи, протирка арматуры, внутренний осмотр арматуры, проверка подключений к арматуре электропроводки и сетей заземления, ликвидация видимых повреждений, проверка наличия заземления и зануления, замена перегоревших ламп, пускорегулирующей арматуры, проверка надежности креплений, подвесок, проверка уровня освещенности, контрольный замер напряжения в сети со стороны питания, ликвидация неисправностей и видимых повреждений по мере обнаружения)",{"$f":"915.99*1.18","v":{"v":1080.8682,"d":"1080.87"}},null,"шт.",{"v":76,"d":"76.00"},1,1,1,1,1,{"v":76,"d":"76.00"},{"v":76,"d":"76.00"},{"v":76,"d":"76.00"},{"v":76,"d":"76.00"},{"v":76,"d":"76.00"},{"v":0,"d":"0.00"},{"v":0,"d":"0.00"},{"v":0,"d":"0.00"},{"v":0,"d":"0.00"},{"v":0,"d":"0.00"},{"$f":"SUM(S74:U74)","v":{"v":0,"d":"0.00"}}]
[null,"Итого по объекту Участок Кампус-парка в зоне Z2.1 вблизи южной части \"Делового центра Сколково\" в зимний период",{"$nulls":14},{"$f":"SUM(Q65:Q74)","v":{"v":0,"d":"0.00"}},{"$f":"SUM(R65:R74)","v":{"v":0,"d":"0.00"}},{"$f":"SUM(S65:S74)","v":{"v":0,"d":"0.00"}},{"$f":"SUM(T65:T74)","v":{"v":0,"d":"0.00"}},{"$f":"SUM(U65:U74)","v":{"v":0,"d":"0.00"}},{"$f":"Q75+R75+S75+T75+U75","v":{"v":0,"d":"0.00"}}]
[null,"Разовые работы ",29367.96,{"$nulls":18},{"$f":"D76","v":{"v":0,"d":"0.00"}}]
[null,"Итого с разовыми работами по объекту  Участок Кампус-парка в зоне Z2.1 вблизи южной части \"Делового центра Сколково\" в зимний период",{"$nulls":19},{"$f":"V75+V76","v":{"v":0,"d":"0.00"}}]
[null,"в т.ч. НДС 18%",{"$nulls":19},{"$f":"V77/1.18*0.18","v":{"v":0,"d":"0.00"}}]
["Сквер Офисного центра \"Технопарк\" в районе D1"]
[1,"Механизированная уборка территории (дорог, стоянок, площадок) с асфальтовым и плиточным покрытием от снега",{"$f":"0.64*1.18","v":{"v":0.7552,"d":"0.76"}},null,"м2",{"v":2622.6,"d":"2,622.60"},22,21,23,20,22,{"$f":"F80*G80","v":{"v":57697.2,"d":"57697.20"}},{"$f":"F80*H80","v":55074.6},{"$f":"F80*I80","v":{"v":60319.799999999996,"d":"60,319.80"}},{"$f":"F80*J80","v":{"v":52452,"d":"52,452.00"}},{"$f":"F80*K80","v":{"v":57697.2,"d":"57,697.20"}},{"$f":"D80*F80*G80","v":{"v":0,"d":"0.00"}},{"$f":"D80*F80*H80","v":{"v":0,"d":"0.00"}},{"$f":"D80*F80*I80","v":{"v":0,"d":"0.00"}},{"$f":"D80*F80*J80","v":{"v":0,"d":"0.00"}},{"$f":"D80*F80*K80","v":{"v":0,"d":"0.00"}},{"$f":"Q80+R80+S80+T80+U80","v":{"v":0,"d":"0.00"}}]
[2,"Механизированное распределение пескосоляной смеси",{"$f":"0.99*1.18","v":{"v":1.1682,"d":"1.17"}},null,"м2",{"v":2622.6,"d":"2,622.60"},30,31,31,28,31,{"v":78678,"d":"78678.00"},{"v":81300.59999999999,"d":"81300.60"},{"v":81300.59999999999,"d":"81,300.60"},{"v":73432.8,"d":"73,432.80"},{"v":81300.59999999999,"d":"81,300.60"},{"v":0,"d":"0.00"},{"v":0,"d":"0.00"},{"v":0,"d":"0.00"},{"v":0,"d":"0.00"},{"v":0,"d":"0.00"},{"v":0,"d":"0.00"}]
[3,"Очистка тротуаров, площадок от снега и льда вручную",{"$f":"1.75*1.18","v":{"v":2.065,"d":"2.07"}},null,"м2",{"v":291.4,"d":"291.40"},22,21,23,20,22,{"v":6410.799999999999,"d":"6410.80"},{"v":6119.4,"d":"6119.40"},{"v":6702.2,"d":"6,702.20"},{"v":5828,"d":"5,828.00"},{"v":6410.799999999999,"d":"6,410.80"},{"v":0,"d":"0.00"},{"v":0,"d":"0.00"},{"v":0,"d":"0.00"},{"v":0,"d":"0.00"},{"v":0,"d":"0.00"},{"v":0,"d":"0.00"}]
[4,"Россыпь пескосоляной смеси вручную на тротуарах, площадках",{"$f":"1.69*1.18","v":{"v":1.9941999999999998,"d":"1.99"}},null,"м2",{"v":291.4,"d":"291.40"},30,31,31,28,31,{"v":8742,"d":"8742.00"},{"v":9033.4,"d":"9033.40"},{"v":9033.4,"d":"9,033.40"},{"v":8159.199999999999,"d":"8,159.20"},{"v":9033.4,"d":"9,033.40"},{"v":0,"d":"0.00"},{"v":0,"d":"0.00"},{"v":0,"d":"0.00"},{"v":0,"d":"0.00"},{"v":0,"d":"0.00"},{"v":0,"d":"0.00"}]
[5,"Очистка от снега  дорожных знаков, указателей вручную (3 шт.)",{"$f":"2.42*1.18","v":{"v":2.8556,"d":"2.86"}},null,"м2",{"v":1.5,"d":"1.50"},4,5,4,4,5,{"v":6,"d":"6.00"},{"v":7.5,"d":"7.50"},{"v":6,"d":"6.00"},{"v":6,"d":"6.00"},{"v":7.5,"d":"7.50"},{"v":0,"d":"0.00"},{"v":0,"d":"0.00"},{"v":0,"d":"0.00"},{"v":0,"d":"0.00"},{"v":0,"d":"0.00"},{"v":0,"d":"0.00"}]
[6,"Разбрасывание снега возле стоек дорожных знаков и опор дорожного освещения (21шт. - опора освещения, 3 информационных указателя)",{"$f":"4.1076*1.18","v":{"v":4.8469679999999995,"d":"4.85"}},null,"м2",{"v":48,"d":"48.00"},4,5,4,4,5,{"v":192,"d":"192.00"},{"v":240,"d":"240.00"},{"v":192,"d":"192.00"},{"v":192,"d":"192.00"},{"v":240,"d":"240.00"},{"v":0,"d":"0.00"},{"v":0,"d":"0.00"},{"v":0,"d":"0.00"},{"v":0,"d":"0.00"},{"v":0,"d":"0.00"},{"v":0,"d":"0.00"}]
[7,"Очистка скамеек от снега вручную (22 шт.)",{"$f":"7.54*1.18","v":{"v":8.8972,"d":"8.90"}},null,"м2",{"v":44,"d":"44.00"},4,5,4,4,5,{"v":176,"d":"176.00"},{"v":220,"d":"220.00"},{"v":176,"d":"176.00"},{"v":176,"d":"176.00"},{"v":220,"d":"220.00"},{"v":0,"d":"0.00"},{"v":0,"d":"0.00"},{"v":0,"d":"0.00"},{"v":0,"d":"0.00"},{"v":0,"d":"0.00"},{"v":0,"d":"0.00"}]
[8,"Погрузка и вывоз снега с последующей утилизацией",364.46,null,"м3",30.12,15,15,16,14,15,{"v":451.8,"d":"451.80"},{"v":451.8,"d":"451.80"},481.92,421.68,{"v":451.8,"d":"451.80"},{"v":0,"d":"0.00"},{"v":0,"d":"0.00"},{"v":0,"d":"0.00"},{"v":0,"d":"0.00"},{"v":0,"d":"0.00"},{"v":0,"d":"0.00"}]
[9,"Очистка урн и пепельниц от мусора",{"$f":"8.03*1.18","v":{"v":9.475399999999999,"d":"9.48"}},null,"шт",{"v":22,"d":"22.00"},30,31,31,28,31,{"v":660,"d":"660.00"},{"v":682,"d":"682.00"},{"v":682,"d":"682.00"},{"v":616,"d":"616.00"},{"v":682,"d":"682.00"},{"v":0,"d":"0.00"},{"v":0,"d":"0.00"},{"$f":"ROUND(($D88*N88),2)","v":{"v":0,"d":"0.00"}},{"v":0,"d":"0.00"},{"v":0,"d":"0.00"},{"$f":"SUM(S88:U88)","v":{"v":0,"d":"0.00"}}]
[10,"Комплексное содержание системы наружного освещения: садово-парковые, прожекторы цветодинамические, грунтовые светильники. При этом выполняются следующие виды работ:ежедневно: наружный осмотр арматуры на предмет отсутствия повреждений; ежемесячно: удаление пыли и грязи, протирка арматуры, внутренний осмотр арматуры, проверка подключений к арматуре электропроводки и сетей заземления, ликвидация видимых повреждений, проверка наличия заземления и зануления, замена перегоревших ламп, пускорегулирующей арматуры, проверка надежности креплений, подвесок, проверка уровня освещенности, контрольный замер напряжения в сети со стороны питания, ликвидация неисправностей и видимых повреждений по мере обнаружения)",{"$f":"915.99*1.18","v":{"v":1080.8682,"d":"1080.87"}},null,"шт.",{"v":146,"d":"146.00"},1,1,1,1,1,{"v":146,"d":"146.00"},{"v":146,"d":"146.00"},{"v":146,"d":"146.00"},{"v":146,"d":"146.00"},{"v":146,"d":"146.00"},{"v":0,"d":"0.00"},{"v":0,"d":"0.00"},{"v":0,"d":"0.00"},{"v":0,"d":"0.00"},{"v":0,"d":"0.00"},{"$f":"SUM(S89:U89)","v":{"v":0,"d":"0.00"}}]
[null,"Итого по объекту Сквер Офисного центра \"Технопарк\" в районе D1 в зимний период",{"$nulls":14},{"$f":"SUM(Q80:Q89)","v":{"v":0,"d":"0.00"}},{"$f":"SUM(R80:R89)","v":{"v":0,"d":"0.00"}},{"$f":"SUM(S80:S89)","v":{"v":0,"d":"0.00"}},{"$f":"SUM(T80:T89)","v":{"v":0,"d":"0.00"}},{"$f":"SUM(U80:U89)","v":{"v":0,"d":"0.00"}},{"$f":"Q90+R90+S90+T90+U90","v":{"v":0,"d":"0.00"}}]
[null,"Разовые работы",49738.24,{"$nulls":18},{"$f":"D91","v":{"v":0,"d":"0.00"}}]
[null,"Итого с разовыми работами по объекту Сквер Офисного центра \"Технопарк\" в районе D1 в зимний период",{"$nulls":19},{"$f":"V90+V91","v":{"v":0,"d":"0.00"}}]
[null,"в т.ч. НДС 18%",{"$nulls":19},{"$f":"V92/1.18*0.18","v":{"v":0,"d":"0.00"}}]
[null,"Итого по объектам: Участок Лесопарка в зоне Z2.1 вблизи Офисного центра «Технопарк» (1-я очередь), Участок Лесопарка в зоне Z2.1 вблизи Офисного центра «Технопарк» (2-я очередь) , Участок Кампус-парка в зоне Z2.1 вблизи 10-го квартала района D2, Участок Кампус-парка в зоне Z2.1 вблизи западной части \"Делового центра Сколково\", Участок Кампус-парка в зоне Z2.1 вблизи южной части \"Делового центра Сколково\", Сквер Офисного центра \"Технопарк\" в районе D1 в зимний период",{"$nulls":14},{"$f":"Q90+Q75+Q60+Q45+Q31+Q17","v":{"v":0,"d":"0.00"}},{"$f":"R90+R75+R60+R45+R31+R17","v":{"v":0,"d":"0.00"}},{"$f":"S90+S75+S60+S45+S31+S17","v":{"v":0,"d":"0.00"}},{"$f":"T90+T75+T60+T45+T31+T17","v":{"v":0,"d":"0.00"}},{"$f":"U90+U75+U60+U45+U31+U17","v":{"v":0,"d":"0.00"}},{"$f":"Q94+R94+S94+T94+U94","v":{"v":0,"d":"0.00"}}]
[null,"Разовые работы  по объектам: Участок Лесопарка в зоне Z2.1 вблизи Офисного центра «Технопарк» (1-я очередь), Участок Лесопарка в зоне Z2.1 вблизи Офисного центра «Технопарк» (2-я очередь) , Участок Кампус-парка вблизи 10 квартала района D2\", Участок Кампус-парка в зоне Z2.1 вблизи западной части \"Делового центра Сколково\", Участок Кампус-парка в зоне Z2.1 вблизи южной части \"Делового центра Сколково\", Сквер Офисного центра \"Технопарк\" в районе D1  в зимний период",{"$nulls":19},{"$f":"V91+V76+V61+V46+V32+V18","v":{"v":0,"d":"0.00"}}]
[null,"Итого с разовыми работами по объектам: Участок Лесопарка в зоне Z2.1 вблизи Офисного центра «Технопарк» (1-я очередь), Участок Лесопарка в зоне Z2.1 вблизи Офисного центра «Технопарк» (2-я очередь) , Участок Кампус-парка в зоне Z2.1 вблизи 10-го квартала района D2, Участок Кампус-парка в зоне Z2.1 вблизи западной части \"Делового центра Сколково\", Участок Кампус-парка в зоне Z2.1 вблизи южной части \"Делового центра Сколково\", Сквер Офисного центра \"Технопарк\" в районе D1   в зимний период",{"$nulls":19},{"$f":"V94+V95","v":{"v":0,"d":"0.00"}}]
[null,"в т.ч. НДС 18%",{"$nulls":19},{"$f":"V96/1.18*0.18","v":{"v":0,"d":"0.00"}}]
[]
[]
[]
["Содержание и уборка территории в летний  период (с 01.07.2017 по 31.10.2017 и с 01.04.2018 по 30.06.2018)"]
["№ ","Наименование работ (услуг)","Единичная расценка, руб., в т.ч. НДС 18%","Единичная расценка, руб., в т.ч. НДС 18%","Ед. измерения ","Количество","Кратность выполнения работ по месяцам",{"$nulls":6},"Объем выполняемых работ, ед.изм.",{"$nulls":6},"Стоимость Работ в рублях с учетом НДС 18%",{"$nulls":6},"Сумма,\nруб., в т.ч. НДС\n18%"]
[]
[{"$nulls":6},"2017-07-01","2017-08-01","2017-09-01","2017-10-01","2018-04-01","2018-05-01","2018-06-01","2017-07-01","2017-08-01","2017-09-01","2017-10-01","2018-04-01","2018-05-01","2018-06-01","2017-07-01","2017-08-01","2017-09-01","2017-10-01","2018-04-01","2018-05-01","2018-06-01"]
["Участок Лесопарка в зоне Z2.1 вблизи Офисного центра «Технопарк» (1-я очередь) "]
[1,"Комплексный уход за деревьями (рыхление лунок, внесение удобрений, полив, обрезка нижних сучьев)",{"$f":"488.71*1.18","v":{"v":576.6777999999999,"d":"576.68"}},null,"шт",{"v":127,"d":"127.00"},1,null,1,null,1,null,1,{"$f":"ROUND($F106*G106,2)","v":{"v":127,"d":"127.00"}},null,{"$f":"ROUND($F106*I106,2)","v":{"v":127,"d":"127.00"}},null,{"$f":"ROUND($F106*K106,2)","v":{"v":127,"d":"127.00"}},null,{"$f":"ROUND($F106*M106,2)","v":{"v":127,"d":"127.00"}},{"$f":"D106*F106*G106","v":{"v":0,"d":"0.00"}},null,{"$f":"D106*F106*I106","v":{"v":0,"d":"0.00"}},null,{"$f":"ROUND(($D106*R106),2)","v":{"v":0,"d":"0.00"}},{"v":0,"d":"0.00"},{"v":0,"d":"0.00"},{"$f":"SUM(U106:AA106)","v":{"v":0,"d":"0.00"}}]
[2,"Комплексный уход за саженцами кустарников в групповых посадках",{"$f":"41.5*1.18","v":48.97},null,"шт",{"v":790,"d":"790.00"},1,null,1,null,1,null,1,{"$f":"ROUND($F107*G107,2)","v":{"v":790,"d":"790.00"}},null,{"v":790,"d":"790.00"},null,{"$f":"ROUND($F107*K107,2)","v":{"v":790,"d":"790.00"}},null,{"$f":"ROUND($F107*M107,2)","v":{"v":790,"d":"790.00"}},{"$f":"D107*F107*G107","v":{"v":0,"d":"0.00"}},null,{"v":0,"d":"0.00"},null,{"v":0,"d":"0.00"},{"v":0,"d":"0.00"},{"v":0,"d":"0.00"},{"v":0,"d":"0.00"}]
[3,"Комплексный уход за саженцами кустарников в живой изгороди двухрядной",{"$f":"73.49*1.18","v":{"v":86.7182,"d":"86.72"}},null,"1 м",{"v":101,"d":"101.00"},1,null,1,null,1,null,1,{"$f":"ROUND($F108*G108,2)","v":{"v":101,"d":"101.00"}},null,{"v":101,"d":"101.00"},null,{"$f":"ROUND($F108*K108,2)","v":{"v":101,"d":"101.00"}},null,{"$f":"ROUND($F108*M108,2)","v":{"v":101,"d":"101.00"}},{"$f":"D108*F108*G108","v":{"v":0,"d":"0.00"}},null,{"v":0,"d":"0.00"},null,{"v":0,"d":"0.00"},{"v":0,"d":"0.00"},{"v":0,"d":"0.00"},{"v":0,"d":"0.00"}]
[4,"Уход за газонами: выкашивание - 1 раз в 7 дней; полив - один раз в 7 дней; прополка - 5 раз за период; стрижка газонной каймы - 3 раза за период",{"$f":"53.3*1.18","v":{"v":62.89399999999999,"d":"62.89"}},null,"м2",{"v":9459.9,"d":"9,459.90"},1,1,1,1,1,1,1,{"$f":"ROUND($F109*G109,2)","v":{"v":9459.9,"d":"9,459.90"}},{"$f":"ROUND($F109*H109,2)","v":{"v":9459.9,"d":"9,459.90"}},{"v":9459.9,"d":"9,459.90"},{"$f":"ROUND($F109*J109,2)","v":{"v":9459.9,"d":"9,459.90"}},{"$f":"ROUND($F109*K109,2)","v":{"v":9459.9,"d":"9,459.90"}},{"$f":"ROUND($F109*L109,2)","v":{"v":9459.9,"d":"9,459.90"}},{"$f":"ROUND($F109*M109,2)","v":{"v":9459.9,"d":"9,459.90"}},{"$f":"D109*F109*G109","v":{"v":0,"d":"0.00"}},{"$f":"D109*F109*H109","v":{"v":0,"d":"0.00"}},{"v":0,"d":"0.00"},{"$f":"D109*F109*J109","v":{"v":0,"d":"0.00"}},{"v":0,"d":"0.00"},{"v":0,"d":"0.00"},{"v":0,"d":"0.00"},{"v":0,"d":"0.00"}]
[5,"Уборка опавших листьев",{"$f":"1.62*1.18","v":{"v":1.9116,"d":"1.91"}},null,"м2",{"v":9459.9,"d":"9,459.90"},null,null,1,1,{"$nulls":5},{"v":9459.9,"d":"9,459.90"},{"v":9459.9,"d":"9,459.90"},{"$nulls":5},{"v":0,"d":"0.00"},{"v":0,"d":"0.00"},{"$nulls":3},{"v":0,"d":"0.00"}]
[6,"Очистка газона от случайного мусора",{"$f":"0.14*1.18","v":{"v":0.1652,"d":"0.17"}},null,"м2",{"v":945.9,"d":"945.90"},1,1,1,1,1,1,1,{"$f":"ROUND($F111*G111,2)","v":{"v":945.9,"d":"945.90"}},{"v":945.9,"d":"945.90"},{"v":945.9,"d":"945.90"},{"v":945.9,"d":"945.90"},{"$f":"ROUND($F111*K111,2)","v":{"v":945.9,"d":"945.90"}},{"v":945.9,"d":"945.90"},{"v":945.9,"d":"945.90"},{"$f":"D111*F111*G111","v":{"v":0,"d":"0.00"}},{"$f":"D111*F111*H111","v":{"v":0,"d":"0.00"}},{"v":0,"d":"0.00"},{"v":0,"d":"0.00"},{"$f":"ROUND(($D111*R111),2)","v":{"v":0,"d":"0.00"}},{"v":0,"d":"0.00"},{"v":0,"d":"0.00"},{"v":0,"d":"0.00"}]
[7,"Комплексный уход за цветниками (не менее 15 раз за период)",{"$f":"25.73*1.18","v":{"v":30.3614,"d":"30.36"}},null,"м2",{"v":294,"d":"294.00"},2,2,2,2,2,3,2,{"v":588,"d":"588.00"},{"v":588,"d":"588.00"},{"v":588,"d":"588.00"},{"v":588,"d":"588.00"},{"v":588,"d":"588.00"},{"v":882,"d":"882.00"},{"v":588,"d":"588.00"},{"$f":"D112*F112*G112","v":{"v":0,"d":"0.00"}},{"$f":"D112*F112*H112","v":{"v":0,"d":"0.00"}},{"v":0,"d":"0.00"},{"v":0,"d":"0.00"},{"v":0,"d":"0.00"},{"v":0,"d":"0.00"},{"v":0,"d":"0.00"},{"v":0,"d":"0.00"}]
[8,"Механизированная уборка территории (дорог, стоянок, площадок)  с поливом",{"$f":"0.26*1.18","v":{"v":0.3068,"d":"0.31"}},null,"м2",{"v":1351.8,"d":"1,351.80"},31,31,30,31,30,31,30,{"v":41905.8,"d":"41,905.80"},{"v":41905.8,"d":"41,905.80"},{"v":40554,"d":"40,554.00"},{"v":41905.8,"d":"41,905.80"},{"v":40554,"d":"40,554.00"},{"v":41905.8,"d":"41,905.80"},{"v":40554,"d":"40,554.00"},{"$f":"D113*F113*G113","v":{"v":0,"d":"0.00"}},{"$f":"D113*F113*H113","v":{"v":0,"d":"0.00"}},{"v":0,"d":"0.00"},{"v":0,"d":"0.00"},{"v":0,"d":"0.00"},{"v":0,"d":"0.00"},{"v":0,"d":"0.00"},{"v":0,"d":"0.00"}]
[9,"Очистка тротуаров, площадок и дорог вручную",{"$f":"0.37*1.18","v":{"v":0.4366,"d":"0.44"}},null,"м2",{"v":170.2,"d":"170.20"},31,31,30,31,30,31,30,{"v":5276.2,"d":"5,276.20"},{"v":5276.2,"d":"5,276.20"},{"v":5106,"d":"5,106.00"},{"v":5276.2,"d":"5,276.20"},{"v":5106,"d":"5,106.00"},{"v":5276.2,"d":"5,276.20"},{"v":5106,"d":"5,106.00"},{"$f":"D114*F114*G114","v":{"v":0,"d":"0.00"}},{"$f":"D114*F114*H114","v":{"v":0,"d":"0.00"}},{"v":0,"d":"0.00"},{"v":0,"d":"0.00"},{"v":0,"d":"0.00"},{"v":0,"d":"0.00"},{"v":0,"d":"0.00"},{"v":0,"d":"0.00"}]
[10,"Окрашивание скамеек (17шт.)",{"$f":"76.01*1.18","v":{"v":89.6918,"d":"89.69"}},null,"м2",{"v":30.6,"d":"30.60"},{"$nulls":5},1,{"$nulls":6},{"$f":"ROUND($F115*L115,2)","v":{"v":30.6,"d":"30.60"}},{"$nulls":6},{"$f":"ROUND(($D115*S115),2)","v":{"v":0,"d":"0.00"}},null,{"v":0,"d":"0.00"}]
[11,"Очистка и мойка указателей (2шт.)",{"$f":"10.8*1.18","v":{"v":12.744,"d":"12.74"}},null,"м2",{"v":4.8,"d":"4.80"},2,2,2,2,2,2,2,{"$f":"ROUND($F116*G116,2)","v":{"v":9.6,"d":"9.60"}},{"v":9.6,"d":"9.60"},{"v":9.6,"d":"9.60"},{"v":9.6,"d":"9.60"},{"v":9.6,"d":"9.60"},{"v":9.6,"d":"9.60"},{"$f":"ROUND($F116*M116,2)","v":{"v":9.6,"d":"9.60"}},{"$f":"D116*F116*G116","v":{"v":0,"d":"0.00"}},{"$f":"D116*F116*H116","v":{"v":0,"d":"0.00"}},{"$f":"D116*F116*I116","v":{"v":0,"d":"0.00"}},{"$f":"D116*F116*J116","v":{"v":0,"d":"0.00"}},{"$f":"ROUND(($D116*R116),2)","v":{"v":0,"d":"0.00"}},{"v":0,"d":"0.00"},{"$f":"ROUND(($D116*T116),2)","v":{"v":0,"d":"0.00"}},{"v":0,"d":"0.00"}]
[12,"Очистка и мойка водой из шланга опор освещения (23шт.)",{"$f":"22.3*1.18","v":{"v":26.314,"d":"26.31"}},null,"м2",52.67,2,2,2,2,2,2,2,105.34,105.34,105.34,105.34,105.34,105.34,105.34,{"v":0,"d":"0.00"},{"v":0,"d":"0.00"},{"v":0,"d":"0.00"},{"v":0,"d":"0.00"},{"v":0,"d":"0.00"},{"v":0,"d":"0.00"},{"v":0,"d":"0.00"},{"v":0,"d":"0.00"}]
[13,"Очистка поверхности скамеек от пыли и грязи (17шт.)",{"$f":"14.11*1.18","v":{"v":16.6498,"d":"16.65"}},null,"м2",{"v":30.6,"d":"30.60"},2,2,2,2,2,2,2,{"v":61.2,"d":"61.20"},{"v":61.2,"d":"61.20"},{"v":61.2,"d":"61.20"},{"v":61.2,"d":"61.20"},{"v":61.2,"d":"61.20"},{"v":61.2,"d":"61.20"},{"v":61.2,"d":"61.20"},{"v":0,"d":"0.00"},{"v":0,"d":"0.00"},{"v":0,"d":"0.00"},{"v":0,"d":"0.00"},{"v":0,"d":"0.00"},{"v":0,"d":"0.00"},{"v":0,"d":"0.00"},{"v":0,"d":"0.00"}]
[14,"Очистка и мойка водой из шланга спортивного оборудования (турник, шведская стенка, брусья). ",{"$f":"22.3*1.18","v":{"v":26.314,"d":"26.31"}},null,"м2",8.19,2,2,2,2,2,2,2,16.38,16.38,16.38,16.38,16.38,16.38,16.38,{"v":0,"d":"0.00"},{"v":0,"d":"0.00"},{"v":0,"d":"0.00"},{"v":0,"d":"0.00"},{"v":0,"d":"0.00"},{"v":0,"d":"0.00"},{"v":0,"d":"0.00"},{"v":0,"d":"0.00"}]
[15,"Промывка урн и пепельниц ",{"$f":"55.11*1.18","v":{"v":65.0298,"d":"65.03"}},null,"шт.",{"v":14,"d":"14.00"},2,2,2,2,2,2,2,{"v":28,"d":"28.00"},{"v":28,"d":"28.00"},{"v":28,"d":"28.00"},{"v":28,"d":"28.00"},{"v":28,"d":"28.00"},{"v":28,"d":"28.00"},{"v":28,"d":"28.00"},{"v":0,"d":"0.00"},{"v":0,"d":"0.00"},{"v":0,"d":"0.00"},{"v":0,"d":"0.00"},{"v":0,"d":"0.00"},{"v":0,"d":"0.00"},{"v":0,"d":"0.00"},{"v":0,"d":"0.00"}]
[16,"Очистка урн и пепельниц от мусора",{"$f":"8.03*1.18","v":{"v":9.475399999999999,"d":"9.48"}},null,"шт",{"v":14,"d":"14.00"},29,29,28,29,28,29,28,{"v":406,"d":"406.00"},{"v":406,"d":"406.00"},{"v":392,"d":"392.00"},{"v":406,"d":"406.00"},{"v":392,"d":"392.00"},{"v":406,"d":"406.00"},{"v":392,"d":"392.00"},{"v":0,"d":"0.00"},{"v":0,"d":"0.00"},{"v":0,"d":"0.00"},{"v":0,"d":"0.00"},{"v":0,"d":"0.00"},{"v":0,"d":"0.00"},{"v":0,"d":"0.00"},{"v":0,"d":"0.00"}]
[17,"Комплексное содержание системы наружного освещения: садово-парковые, прожекторы цветодинамические, грунтовые светильники. При этом выполняются следующие виды работ:ежедневно: наружный осмотр арматуры на предмет отсутствия повреждений; ежемесячно: удаление пыли и грязи, протирка арматуры, внутренний осмотр арматуры, проверка подключений к арматуре электропроводки и сетей заземления, ликвидация видимых повреждений, проверка наличия заземления и зануления, замена перегоревших ламп, пускорегулирующей арматуры, проверка надежности креплений, подвесок, проверка уровня освещенности, контрольный замер напряжения в сети со стороны питания, ликвидация неисправностей и видимых повреждений по мере обнаружения)",{"$f":"915.99*1.18","v":{"v":1080.8682,"d":"1080.87"}},null,"шт",{"v":23,"d":"23.00"},1,1,1,1,1,1,1,{"v":23,"d":"23.00"},{"v":23,"d":"23.00"},{"v":23,"d":"23.00"},{"v":23,"d":"23.00"},{"v":23,"d":"23.00"},{"v":23,"d":"23.00"},{"v":23,"d":"23.00"},{"v":0,"d":"0.00"},{"v":0,"d":"0.00"},{"v":0,"d":"0.00"},{"v":0,"d":"0.00"},{"v":0,"d":"0.00"},{"v":0,"d":"0.00"},{"v":0,"d":"0.00"},{"v":0,"d":"0.00"}]
[null,"Итого по объекту Участок Лесопарка в зоне Z2.1 вблизи Офисного центра «Технопарк» (1-я очередь)  в летний период",{"$nulls":18},{"$f":"SUM(U106:U122)","v":{"v":0,"d":"0.00"}},{"$f":"SUM(V106:V122)","v":{"v":0,"d":"0.00"}},{"v":0,"d":"0.00"},{"v":0,"d":"0.00"},{"$f":"SUM(Y106:Y122)","v":{"v":0,"d":"0.00"}},{"$f":"SUM(Z106:Z122)","v":{"v":0,"d":"0.00"}},{"$f":"SUM(AA106:AA122)","v":{"v":0,"d":"0.00"}},{"v":0,"d":"0.00"}]
[null,"Разовые работы",103395.79,{"$nulls":24},{"$f":"D124","v":{"v":0,"d":"0.00"}}]
[null,"Итого с разовыми работами по объекту Участок Лесопарка в зоне Z2.1 вблизи Офисного центра «Технопарк» (1-я очередь)  в летний период",{"$nulls":25},{"$f":"AB123+AB124","v":{"v":0,"d":"0.00"}}]
[null,"в т.ч. НДС 18%",{"$nulls":25},{"$f":"AB125/1.18*0.18","v":{"v":0,"d":"0.00"}}]
["Участок Лесопарка в зоне Z2.1 вблизи Офисного центра «Технопарк» (2-я очередь) "]
[1,"Комплексный уход за деревьями (рыхление лунок, внесение удобрений, полив, обрезка нижних сучьев)",{"$f":"488.71*1.18","v":{"v":576.6777999999999,"d":"576.68"}},null,"шт",{"v":50,"d":"50.00"},1,null,1,null,1,null,1,{"$f":"ROUND($F128*G128,2)","v":{"v":50,"d":"50.00"}},null,{"$f":"ROUND($F128*I128,2)","v":{"v":50,"d":"50.00"}},null,{"$f":"ROUND($F128*K128,2)","v":{"v":50,"d":"50.00"}},null,{"$f":"ROUND($F128*M128,2)","v":{"v":50,"d":"50.00"}},{"$f":"D128*F128*G128","v":{"v":0,"d":"0.00"}},null,{"$f":"D128*F128*I128","v":{"v":0,"d":"0.00"}},null,{"$f":"ROUND(($D128*R128),2)","v":{"v":0,"d":"0.00"}},{"v":0,"d":"0.00"},{"v":0,"d":"0.00"},{"$f":"SUM(U128:AA128)","v":{"v":0,"d":"0.00"}}]
[2,"Комплексный уход за саженцами кустарников в групповых посадках",{"$f":"41.5*1.18","v":48.97},null,"шт",{"v":784,"d":"784.00"},1,null,1,null,1,null,1,{"$f":"ROUND($F129*G129,2)","v":{"v":784,"d":"784.00"}},null,{"v":784,"d":"784.00"},null,{"$f":"ROUND($F129*K129,2)","v":{"v":784,"d":"784.00"}},null,{"$f":"ROUND($F129*M129,2)","v":{"v":784,"d":"784.00"}},{"$f":"D129*F129*G129","v":{"v":0,"d":"0.00"}},null,{"v":0,"d":"0.00"},null,{"v":0,"d":"0.00"},{"v":0,"d":"0.00"},{"v":0,"d":"0.00"},{"v":0,"d":"0.00"}]
[3,"Комплексный уход за саженцами кустарников в живой изгороди двухрядной",{"$f":"73.49*1.18","v":{"v":86.7182,"d":"86.72"}},null,"1 м",{"v":73,"d":"73.00"},1,null,1,null,1,null,1,{"$f":"ROUND($F130*G130,2)","v":{"v":73,"d":"73.00"}},null,{"v":73,"d":"73.00"},null,{"$f":"ROUND($F130*K130,2)","v":{"v":73,"d":"73.00"}},null,{"$f":"ROUND($F130*M130,2)","v":{"v":73,"d":"73.00"}},{"$f":"D130*F130*G130","v":{"v":0,"d":"0.00"}},null,{"v":0,"d":"0.00"},null,{"v":0,"d":"0.00"},{"v":0,"d":"0.00"},{"v":0,"d":"0.00"},{"v":0,"d":"0.00"}]
[4,"Уход за газонами: выкашивание - 1 раз в 7 дней; полив - один раз в 7 дней; прополка - 5 раз за период; стрижка газонной каймы - 3 раза за период",{"$f":"53.3*1.18","v":{"v":62.89399999999999,"d":"62.89"}},null,"м2",{"v":3109.1,"d":"3,109.10"},1,1,1,1,1,1,1,{"$f":"ROUND($F131*G131,2)","v":{"v":3109.1,"d":"3,109.10"}},{"$f":"ROUND($F131*H131,2)","v":{"v":3109.1,"d":"3,109.10"}},{"v":3109.1,"d":"3,109.10"},{"$f":"ROUND($F131*J131,2)","v":{"v":3109.1,"d":"3,109.10"}},{"$f":"ROUND($F131*K131,2)","v":{"v":3109.1,"d":"3,109.10"}},{"$f":"ROUND($F131*L131,2)","v":{"v":3109.1,"d":"3,109.10"}},{"$f":"ROUND($F131*M131,2)","v":{"v":3109.1,"d":"3,109.10"}},{"$f":"D131*F131*G131","v":{"v":0,"d":"0.00"}},{"$f":"D131*F131*H131","v":{"v":0,"d":"0.00"}},{"v":0,"d":"0.00"},{"$f":"D131*F131*J131","v":{"v":0,"d":"0.00"}},{"v":0,"d":"0.00"},{"v":0,"d":"0.00"},{"v":0,"d":"0.00"},{"v":0,"d":"0.00"}]
[5,"Уборка опавших листьев",{"$f":"1.62*1.18","v":{"v":1.9116,"d":"1.91"}},null,"м2",{"v":3109.1,"d":"3,109.10"},null,null,1,1,{"$nulls":5},{"v":3109.1,"d":"3,109.10"},{"v":3109.1,"d":"3,109.10"},{"$nulls":5},{"v":0,"d":"0.00"},{"v":0,"d":"0.00"},{"$nulls":3},{"v":0,"d":"0.00"}]
[6,"Очистка газона от случайного мусора",{"$f":"0.14*1.18","v":{"v":0.1652,"d":"0.17"}},null,"м2",310.91,1,1,1,1,1,1,1,{"$f":"ROUND($F133*G133,2)","v":310.91},310.91,310.91,310.91,{"$f":"ROUND($F133*K133,2)","v":310.91},310.91,310.91,{"$f":"D133*F133*G133","v":{"v":0,"d":"0.00"}},{"$f":"D133*F133*H133","v":{"v":0,"d":"0.00"}},{"v":0,"d":"0.00"},{"v":0,"d":"0.00"},{"$f":"ROUND(($D133*R133),2)","v":{"v":0,"d":"0.00"}},{"v":0,"d":"0.00"},{"v":0,"d":"0.00"},{"v":0,"d":"0.00"}]
[7,"Комплексный уход за цветниками (не менее 15 раз за период)",{"$f":"25.73*1.18","v":{"v":30.3614,"d":"30.36"}},null,"м2",{"v":131.5,"d":"131.50"},2,2,2,2,2,3,2,{"v":263,"d":"263.00"},{"v":263,"d":"263.00"},{"v":263,"d":"263.00"},{"v":263,"d":"263.00"},{"v":263,"d":"263.00"},{"v":394.5,"d":"394.50"},{"v":263,"d":"263.00"},{"$f":"D134*F134*G134","v":{"v":0,"d":"0.00"}},{"$f":"D134*F134*H134","v":{"v":0,"d":"0.00"}},{"v":0,"d":"0.00"},{"v":0,"d":"0.00"},{"v":0,"d":"0.00"},{"v":0,"d":"0.00"},{"v":0,"d":"0.00"},{"v":0,"d":"0.00"}]
[8,"Механизированная уборка территории (дорог, стоянок, площадок)  с поливом",{"$f":"0.26*1.18","v":{"v":0.3068,"d":"0.31"}},null,"м2",597.96,31,31,30,31,30,31,30,{"v":18536.76,"d":"18,536.76"},{"v":18536.76,"d":"18,536.76"},{"v":17938.8,"d":"17,938.80"},{"v":18536.76,"d":"18,536.76"},{"v":17938.8,"d":"17,938.80"},{"v":18536.76,"d":"18,536.76"},{"v":17938.8,"d":"17,938.80"},{"$f":"D135*F135*G135","v":{"v":0,"d":"0.00"}},{"$f":"D135*F135*H135","v":{"v":0,"d":"0.00"}},{"v":0,"d":"0.00"},{"v":0,"d":"0.00"},{"v":0,"d":"0.00"},{"v":0,"d":"0.00"},{"v":0,"d":"0.00"},{"v":0,"d":"0.00"}]
[9,"Очистка тротуаров, площадок и дорог вручную",{"$f":"0.37*1.18","v":{"v":0.4366,"d":"0.44"}},null,"м2",66.44,31,31,30,31,30,31,30,{"v":2059.64,"d":"2,059.64"},{"v":2059.64,"d":"2,059.64"},{"v":1993.2,"d":"1,993.20"},{"v":2059.64,"d":"2,059.64"},{"v":1993.2,"d":"1,993.20"},{"v":2059.64,"d":"2,059.64"},{"v":1993.2,"d":"1,993.20"},{"$f":"D136*F136*G136","v":{"v":0,"d":"0.00"}},{"$f":"D136*F136*H136","v":{"v":0,"d":"0.00"}},{"v":0,"d":"0.00"},{"v":0,"d":"0.00"},{"v":0,"d":"0.00"},{"v":0,"d":"0.00"},{"v":0,"d":"0.00"},{"v":0,"d":"0.00"}]
[10,"Окрашивание скамеек (3шт.)",{"$f":"76.01*1.18","v":{"v":89.6918,"d":"89.69"}},null,"м2",{"v":6,"d":"6.00"},{"$nulls":5},1,{"$nulls":6},{"$f":"ROUND($F137*L137,2)","v":{"v":6,"d":"6.00"}},{"$nulls":6},{"$f":"ROUND(($D137*S137),2)","v":{"v":0,"d":"0.00"}},null,{"v":0,"d":"0.00"}]
[11,"Очистка и мойка водой из шланга опор освещения (14шт.)",{"$f":"22.3*1.18","v":{"v":26.314,"d":"26.31"}},null,"м2",32.06,2,2,2,2,2,2,2,{"$f":"ROUND($F138*G138,2)","v":64.12},64.12,64.12,64.12,64.12,64.12,{"$f":"ROUND($F138*M138,2)","v":64.12},{"$f":"D138*F138*G138","v":{"v":0,"d":"0.00"}},{"$f":"D138*F138*H138","v":{"v":0,"d":"0.00"}},{"$f":"D138*F138*I138","v":{"v":0,"d":"0.00"}},{"$f":"D138*F138*J138","v":{"v":0,"d":"0.00"}},{"$f":"ROUND(($D138*R138),2)","v":{"v":0,"d":"0.00"}},{"v":0,"d":"0.00"},{"$f":"ROUND(($D138*T138),2)","v":{"v":0,"d":"0.00"}},{"v":0,"d":"0.00"}]
[12,"Очистка поверхности скамеек от пыли и грязи (3шт.)",{"$f":"14.11*1.18","v":{"v":16.6498,"d":"16.65"}},null,"м2",{"v":6,"d":"6.00"},2,2,2,2,2,2,2,{"v":12,"d":"12.00"},{"v":12,"d":"12.00"},{"v":12,"d":"12.00"},{"v":12,"d":"12.00"},{"v":12,"d":"12.00"},{"v":12,"d":"12.00"},{"$f":"ROUND($F139*M139,2)","v":{"v":12,"d":"12.00"}},{"$f":"D139*F139*G139","v":{"v":0,"d":"0.00"}},{"$f":"D139*F139*H139","v":{"v":0,"d":"0.00"}},{"$f":"D139*F139*I139","v":{"v":0,"d":"0.00"}},{"$f":"D139*F139*J139","v":{"v":0,"d":"0.00"}},{"$f":"ROUND(($D139*R139),2)","v":{"v":0,"d":"0.00"}},{"v":0,"d":"0.00"},{"$f":"ROUND(($D139*T139),2)","v":{"v":0,"d":"0.00"}},{"v":0,"d":"0.00"}]
[13,"Промывка урн и пепельниц ",{"$f":"55.11*1.18","v":{"v":65.0298,"d":"65.03"}},null,"шт.",{"v":3,"d":"3.00"},2,2,2,2,2,2,2,{"v":6,"d":"6.00"},{"v":6,"d":"6.00"},{"v":6,"d":"6.00"},{"v":6,"d":"6.00"},{"v":6,"d":"6.00"},{"v":6,"d":"6.00"},{"$f":"ROUND($F140*M140,2)","v":{"v":6,"d":"6.00"}},{"$f":"D140*F140*G140","v":{"v":0,"d":"0.00"}},{"$f":"D140*F140*H140","v":{"v":0,"d":"0.00"}},{"$f":"D140*F140*I140","v":{"v":0,"d":"0.00"}},{"$f":"D140*F140*J140","v":{"v":0,"d":"0.00"}},{"$f":"ROUND(($D140*R140),2)","v":{"v":0,"d":"0.00"}},{"v":0,"d":"0.00"},{"$f":"ROUND(($D140*T140),2)","v":{"v":0,"d":"0.00"}},{"v":0,"d":"0.00"}]
[14,"Очистка урн и пепельниц от мусора",{"$f":"8.03*1.18","v":{"v":9.475399999999999,"d":"9.48"}},null,"шт",{"v":3,"d":"3.00"},29,29,28,29,28,29,28,{"v":87,"d":"87.00"},{"v":87,"d":"87.00"},{"v":84,"d":"84.00"},{"v":87,"d":"87.00"},{"v":84,"d":"84.00"},{"v":87,"d":"87.00"},{"$f":"ROUND($F141*M141,2)","v":{"v":84,"d":"84.00"}},{"$f":"D141*F141*G141","v":{"v":0,"d":"0.00"}},{"$f":"D141*F141*H141","v":{"v":0,"d":"0.00"}},{"$f":"D141*F141*I141","v":{"v":0,"d":"0.00"}},{"$f":"D141*F141*J141","v":{"v":0,"d":"0.00"}},{"$f":"ROUND(($D141*R141),2)","v":{"v":0,"d":"0.00"}},{"v":0,"d":"0.00"},{"$f":"ROUND(($D141*T141),2)","v":{"v":0,"d":"0.00"}},{"v":0,"d":"0.00"}]
[15,"Комплексное содержание системы наружного освещения: садово-парковые, прожекторы цветодинамические, грунтовые светильники. При этом выполняются следующие виды работ:ежедневно: наружный осмотр арматуры на предмет отсутствия повреждений; ежемесячно: удаление пыли и грязи, протирка арматуры, внутренний осмотр арматуры, проверка подключений к арматуре электропроводки и сетей заземления, ликвидация видимых повреждений, проверка наличия заземления и зануления, замена перегоревших ламп, пускорегулирующей арматуры, проверка надежности креплений, подвесок, проверка уровня освещенности, контрольный замер напряжения в сети со стороны питания, ликвидация неисправностей и видимых повреждений по мере обнаружения)",{"$f":"915.99*1.18","v":{"v":1080.8682,"d":"1080.87"}},null,"шт",{"v":14,"d":"14.00"},1,1,1,1,1,1,1,{"v":14,"d":"14.00"},{"v":14,"d":"14.00"},{"v":14,"d":"14.00"},{"v":14,"d":"14.00"},{"v":14,"d":"14.00"},{"v":14,"d":"14.00"},{"$f":"ROUND($F142*M142,2)","v":{"v":14,"d":"14.00"}},{"$f":"D142*F142*G142","v":{"v":0,"d":"0.00"}},{"$f":"D142*F142*H142","v":{"v":0,"d":"0.00"}},{"$f":"D142*F142*I142","v":{"v":0,"d":"0.00"}},{"$f":"D142*F142*J142","v":{"v":0,"d":"0.00"}},{"$f":"ROUND(($D142*R142),2)","v":{"v":0,"d":"0.00"}},{"v":0,"d":"0.00"},{"$f":"ROUND(($D142*T142),2)","v":{"v":0,"d":"0.00"}},{"v":0,"d":"0.00"}]
[null,"Итого по объекту Участок Лесопарка в зоне Z2.1 вблизи Офисного центра «Технопарк» (2-я очередь)  в летний период",{"$nulls":18},{"$f":"SUM(U128:U142)","v":{"v":0,"d":"0.00"}},{"v":0,"d":"0.00"},{"v":0,"d":"0.00"},{"v":0,"d":"0.00"},{"v":0,"d":"0.00"},{"v":0,"d":"0.00"},{"v":0,"d":"0.00"},{"v":0,"d":"0.00"}]
[null,"Разовые работы ",38174.46,{"$nulls":24},{"$f":"D144","v":{"v":0,"d":"0.00"}}]
[null,"Итого с разовыми работами по объекту Участок Лесопарка в зоне Z2.1 вблизи Офисного центра «Технопарк» (2-я очередь)  в летний период",{"$nulls":25},{"$f":"AB143+AB144","v":{"v":0,"d":"0.00"}}]
[null,"в т.ч. НДС 18%",{"$nulls":25},{"$f":"AB145/1.18*0.18","v":{"v":0,"d":"0.00"}}]
["Участок Кампус-парка в зоне Z2.1 вблизи 10 квартала района D2 "]
[1,"Комплексный уход за деревьями (рыхление лунок, внесение удобрений, полив, обрезка нижних сучьев)",{"$f":"488.71*1.18","v":{"v":576.6777999999999,"d":"576.68"}},null,"шт",{"v":85,"d":"85.00"},1,null,1,null,1,null,1,{"$f":"ROUND($F148*G148,2)","v":{"v":85,"d":"85.00"}},null,{"$f":"ROUND($F148*I148,2)","v":{"v":85,"d":"85.00"}},null,{"$f":"ROUND($F148*K148,2)","v":{"v":85,"d":"85.00"}},null,{"$f":"ROUND($F148*M148,2)","v":{"v":85,"d":"85.00"}},{"$f":"D148*F148*G148","v":{"v":0,"d":"0.00"}},null,{"$f":"D148*F148*I148","v":{"v":0,"d":"0.00"}},null,{"$f":"ROUND(($D148*R148),2)","v":{"v":0,"d":"0.00"}},{"v":0,"d":"0.00"},{"v":0,"d":"0.00"},{"$f":"SUM(U148:AA148)","v":{"v":0,"d":"0.00"}}]
[2,"Комплексный уход за саженцами кустарников в групповых посадках",{"$f":"41.5*1.18","v":48.97},null,"шт",{"v":561,"d":"561.00"},1,null,1,null,1,null,1,{"$f":"ROUND($F149*G149,2)","v":{"v":561,"d":"561.00"}},null,{"v":561,"d":"561.00"},null,{"$f":"ROUND($F149*K149,2)","v":{"v":561,"d":"561.00"}},null,{"$f":"ROUND($F149*M149,2)","v":{"v":561,"d":"561.00"}},{"$f":"D149*F149*G149","v":{"v":0,"d":"0.00"}},null,{"v":0,"d":"0.00"},null,{"v":0,"d":"0.00"},{"v":0,"d":"0.00"},{"v":0,"d":"0.00"},{"v":0,"d":"0.00"}]
[3,"Комплексный уход за саженцами кустарников в живой изгороди двухрядной",{"$f":"73.49*1.18","v":{"v":86.7182,"d":"86.72"}},null,"1 м",{"v":14,"d":"14.00"},1,null,1,null,1,null,1,{"$f":"ROUND($F150*G150,2)","v":{"v":14,"d":"14.00"}},null,{"v":14,"d":"14.00"},null,{"$f":"ROUND($F150*K150,2)","v":{"v":14,"d":"14.00"}},null,{"$f":"ROUND($F150*M150,2)","v":{"v":14,"d":"14.00"}},{"$f":"D150*F150*G150","v":{"v":0,"d":"0.00"}},null,{"v":0,"d":"0.00"},null,{"v":0,"d":"0.00"},{"v":0,"d":"0.00"},{"v":0,"d":"0.00"},{"v":0,"d":"0.00"}]
[4,"Уход за газонами: выкашивание - 1 раз в 7 дней; полив - один раз в 7 дней; прополка - 5 раз за период; стрижка газонной каймы - 3 раза за период",{"$f":"53.3*1.18","v":{"v":62.89399999999999,"d":"62.89"}},null,"м2",{"v":12845.79,"d":"12,845.79"},1,1,1,1,1,1,1,{"$f":"ROUND($F151*G151,2)","v":{"v":12845.79,"d":"12,845.79"}},{"$f":"ROUND($F151*H151,2)","v":{"v":12845.79,"d":"12,845.79"}},{"v":12845.79,"d":"12,845.79"},{"$f":"ROUND($F151*J151,2)","v":{"v":12845.79,"d":"12,845.79"}},{"$f":"ROUND($F151*K151,2)","v":{"v":12845.79,"d":"12,845.79"}},{"$f":"ROUND($F151*L151,2)","v":{"v":12845.79,"d":"12,845.79"}},{"$f":"ROUND($F151*M151,2)","v":{"v":12845.79,"d":"12,845.79"}},{"$f":"D151*F151*G151","v":{"v":0,"d":"0.00"}},{"$f":"D151*F151*H151","v":{"v":0,"d":"0.00"}},{"v":0,"d":"0.00"},{"$f":"D151*F151*J151","v":{"v":0,"d":"0.00"}},{"v":0,"d":"0.00"},{"v":0,"d":"0.00"},{"v":0,"d":"0.00"},{"v":0,"d":"0.00"}]
[5,"Уборка опавших листьев",{"$f":"1.62*1.18","v":{"v":1.9116,"d":"1.91"}},null,"м2",{"v":12845.79,"d":"12,845.79"},null,null,1,1,{"$nulls":5},{"v":12845.79,"d":"12,845.79"},{"v":12845.79,"d":"12,845.79"},{"$nulls":5},{"v":0,"d":"0.00"},{"v":0,"d":"0.00"},{"$nulls":3},{"v":0,"d":"0.00"}]
[6,"Очистка газона от случайного мусора",{"$f":"0.14*1.18","v":{"v":0.1652,"d":"0.17"}},null,"м2",{"v":1284.579,"d":"1,284.58"},1,1,1,1,1,1,1,{"$f":"ROUND($F153*G153,2)","v":{"v":1284.58,"d":"1,284.58"}},{"v":1284.58,"d":"1,284.58"},{"v":1284.58,"d":"1,284.58"},{"v":1284.58,"d":"1,284.58"},{"$f":"ROUND($F153*K153,2)","v":{"v":1284.58,"d":"1,284.58"}},{"v":1284.58,"d":"1,284.58"},{"v":1284.58,"d":"1,284.58"},{"$f":"D153*F153*G153","v":{"v":0,"d":"0.00"}},{"$f":"D153*F153*H153","v":{"v":0,"d":"0.00"}},{"v":0,"d":"0.00"},{"v":0,"d":"0.00"},{"$f":"ROUND(($D153*R153),2)","v":{"v":0,"d":"0.00"}},{"v":0,"d":"0.00"},{"v":0,"d":"0.00"},{"v":0,"d":"0.00"}]
[7,"Комплексный уход за цветниками (не менее 15 раз за период)",{"$f":"25.73*1.18","v":{"v":30.3614,"d":"30.36"}},null,"м2",{"v":882.5,"d":"882.50"},2,2,2,2,2,3,2,{"v":1765,"d":"1,765.00"},{"v":1765,"d":"1,765.00"},{"v":1765,"d":"1,765.00"},{"v":1765,"d":"1,765.00"},{"v":1765,"d":"1,765.00"},{"v":2647.5,"d":"2,647.50"},{"v":1765,"d":"1,765.00"},{"$f":"D154*F154*G154","v":{"v":0,"d":"0.00"}},{"$f":"D154*F154*H154","v":{"v":0,"d":"0.00"}},{"v":0,"d":"0.00"},{"v":0,"d":"0.00"},{"v":0,"d":"0.00"},{"v":0,"d":"0.00"},{"v":0,"d":"0.00"},{"v":0,"d":"0.00"}]
[8,"Механизированная уборка территории (дорог, стоянок, площадок)  с поливом",{"$f":"0.26*1.18","v":{"v":0.3068,"d":"0.31"}},null,"м2",{"v":1318.5,"d":"1,318.50"},31,31,30,31,30,31,30,{"v":40873.5,"d":"40,873.50"},{"v":40873.5,"d":"40,873.50"},{"v":39555,"d":"39,555.00"},{"v":40873.5,"d":"40,873.50"},{"v":39555,"d":"39,555.00"},{"v":40873.5,"d":"40,873.50"},{"v":39555,"d":"39,555.00"},{"$f":"D155*F155*G155","v":{"v":0,"d":"0.00"}},{"$f":"D155*F155*H155","v":{"v":0,"d":"0.00"}},{"v":0,"d":"0.00"},{"v":0,"d":"0.00"},{"v":0,"d":"0.00"},{"v":0,"d":"0.00"},{"v":0,"d":"0.00"},{"v":0,"d":"0.00"}]
[9,"Очистка тротуаров, площадок и дорог вручную",{"$f":"0.37*1.18","v":{"v":0.4366,"d":"0.44"}},null,"м2",{"v":1615.5,"d":"1,615.50"},31,31,30,31,30,31,30,{"v":50080.5,"d":"50,080.50"},{"v":50080.5,"d":"50,080.50"},{"v":48465,"d":"48,465.00"},{"v":50080.5,"d":"50,080.50"},{"v":48465,"d":"48,465.00"},{"v":50080.5,"d":"50,080.50"},{"v":48465,"d":"48,465.00"},{"$f":"D156*F156*G156","v":{"v":0,"d":"0.00"}},{"$f":"D156*F156*H156","v":{"v":0,"d":"0.00"}},{"v":0,"d":"0.00"},{"v":0,"d":"0.00"},{"v":0,"d":"0.00"},{"v":0,"d":"0.00"},{"v":0,"d":"0.00"},{"v":0,"d":"0.00"}]
[10,"Окрашивание скамеек (17шт.)",{"$f":"76.01*1.18","v":{"v":89.6918,"d":"89.69"}},null,"м2",{"v":33.9,"d":"33.90"},{"$nulls":5},1,{"$nulls":6},{"$f":"ROUND($F157*L157,2)","v":{"v":33.9,"d":"33.90"}},{"$nulls":6},{"$f":"ROUND(($D157*S157),2)","v":{"v":0,"d":"0.00"}},null,{"v":0,"d":"0.00"}]
[11,"Очистка и мойка водой из шланга поверхности велопарковок (10шт.)",26.31,null,"м2",2.13,2,2,2,2,2,2,2,{"$f":"ROUND($F158*G158,2)","v":4.26},4.26,4.26,4.26,4.26,4.26,{"$f":"ROUND($F158*M158,2)","v":4.26},{"$f":"D158*F158*G158","v":{"v":0,"d":"0.00"}},{"$f":"D158*F158*H158","v":{"v":0,"d":"0.00"}},{"$f":"D158*F158*I158","v":{"v":0,"d":"0.00"}},{"$f":"D158*F158*J158","v":{"v":0,"d":"0.00"}},{"$f":"ROUND(($D158*R158),2)","v":{"v":0,"d":"0.00"}},{"v":0,"d":"0.00"},{"$f":"ROUND(($D158*T158),2)","v":{"v":0,"d":"0.00"}},{"v":0,"d":"0.00"}]
[12,"Очистка и мойка водой из шланга опор освещения (28шт.)",{"$f":"22.3*1.18","v":{"v":26.314,"d":"26.31"}},null,"м2",{"v":36.616,"d":"36.62"},2,2,2,2,2,2,2,73.23,73.23,73.23,73.23,73.23,73.23,73.23,{"v":0,"d":"0.00"},{"v":0,"d":"0.00"},{"v":0,"d":"0.00"},{"v":0,"d":"0.00"},{"v":0,"d":"0.00"},{"v":0,"d":"0.00"},{"v":0,"d":"0.00"},{"v":0,"d":"0.00"}]
[13,"Очистка поверхности скамеек от пыли и грязи (17шт.)",{"$f":"14.11*1.18","v":{"v":16.6498,"d":"16.65"}},null,"м2",{"v":33.9,"d":"33.90"},2,2,2,2,2,2,2,{"v":67.8,"d":"67.80"},{"v":67.8,"d":"67.80"},{"v":67.8,"d":"67.80"},{"v":67.8,"d":"67.80"},{"v":67.8,"d":"67.80"},{"v":67.8,"d":"67.80"},{"v":67.8,"d":"67.80"},{"v":0,"d":"0.00"},{"v":0,"d":"0.00"},{"v":0,"d":"0.00"},{"v":0,"d":"0.00"},{"v":0,"d":"0.00"},{"v":0,"d":"0.00"},{"v":0,"d":"0.00"},{"v":0,"d":"0.00"}]
[14,"Очистка и мойка водой из шланга малых архитектурных форм",{"$f":"22.3*1.18","v":{"v":26.314,"d":"26.31"}},null,"м2",737.58,2,2,2,2,2,2,2,{"v":1475.16,"d":"1,475.16"},{"v":1475.16,"d":"1,475.16"},{"v":1475.16,"d":"1,475.16"},{"v":1475.16,"d":"1,475.16"},{"v":1475.16,"d":"1,475.16"},{"v":1475.16,"d":"1,475.16"},{"v":1475.16,"d":"1,475.16"},{"v":0,"d":"0.00"},{"v":0,"d":"0.00"},{"v":0,"d":"0.00"},{"v":0,"d":"0.00"},{"v":0,"d":"0.00"},{"v":0,"d":"0.00"},{"v":0,"d":"0.00"},{"v":0,"d":"0.00"}]
[15,"Промывка урн и пепельниц ",{"$f":"55.11*1.18","v":{"v":65.0298,"d":"65.03"}},null,"шт.",{"v":15,"d":"15.00"},2,2,2,2,2,2,2,{"v":30,"d":"30.00"},{"v":30,"d":"30.00"},{"v":30,"d":"30.00"},{"v":30,"d":"30.00"},{"v":30,"d":"30.00"},{"v":30,"d":"30.00"},{"v":30,"d":"30.00"},{"v":0,"d":"0.00"},{"v":0,"d":"0.00"},{"v":0,"d":"0.00"},{"v":0,"d":"0.00"},{"v":0,"d":"0.00"},{"v":0,"d":"0.00"},{"v":0,"d":"0.00"},{"v":0,"d":"0.00"}]
[16,"Очистка урн и пепельниц от мусора",{"$f":"8.03*1.18","v":{"v":9.475399999999999,"d":"9.48"}},null,"шт",{"v":15,"d":"15.00"},29,29,28,29,28,29,28,{"v":435,"d":"435.00"},{"v":435,"d":"435.00"},{"v":420,"d":"420.00"},{"v":435,"d":"435.00"},{"v":420,"d":"420.00"},{"v":435,"d":"435.00"},{"v":420,"d":"420.00"},{"v":0,"d":"0.00"},{"v":0,"d":"0.00"},{"v":0,"d":"0.00"},{"v":0,"d":"0.00"},{"v":0,"d":"0.00"},{"v":0,"d":"0.00"},{"v":0,"d":"0.00"},{"v":0,"d":"0.00"}]
[17,"Комплексное содержание системы наружного освещения: садово-парковые, прожекторы цветодинамические, грунтовые светильники. При этом выполняются следующие виды работ:ежедневно: наружный осмотр арматуры на предмет отсутствия повреждений; ежемесячно: удаление пыли и грязи, протирка арматуры, внутренний осмотр арматуры, проверка подключений к арматуре электропроводки и сетей заземления, ликвидация видимых повреждений, проверка наличия заземления и зануления, замена перегоревших ламп, пускорегулирующей арматуры, проверка надежности креплений, подвесок, проверка уровня освещенности, контрольный замер напряжения в сети со стороны питания, ликвидация неисправностей и видимых повреждений по мере обнаружения)",{"$f":"915.99*1.18","v":{"v":1080.8682,"d":"1080.87"}},null,"шт",{"v":56,"d":"56.00"},1,1,1,1,1,1,1,{"v":56,"d":"56.00"},{"v":56,"d":"56.00"},{"v":56,"d":"56.00"},{"v":56,"d":"56.00"},{"v":56,"d":"56.00"},{"v":56,"d":"56.00"},{"v":56,"d":"56.00"},{"v":0,"d":"0.00"},{"v":0,"d":"0.00"},{"v":0,"d":"0.00"},{"v":0,"d":"0.00"},{"v":0,"d":"0.00"},{"v":0,"d":"0.00"},{"v":0,"d":"0.00"},{"v":0,"d":"0.00"}]
[null,"Итого по объекту Участок Кампус-парка в зоне Z2.1 вблизи 10 квартала района D2 в летний период",{"$nulls":18},{"$f":"SUM(U148:U164)","v":{"v":0,"d":"0.00"}},{"$f":"SUM(V148:V164)","v":{"v":0,"d":"0.00"}},{"$f":"SUM(W148:W164)","v":{"v":0,"d":"0.00"}},{"$f":"SUM(X148:X164)","v":{"v":0,"d":"0.00"}},{"$f":"SUM(Y148:Y164)","v":{"v":0,"d":"0.00"}},{"$f":"SUM(Z148:Z164)","v":{"v":0,"d":"0.00"}},{"$f":"SUM(AA148:AA164)","v":{"v":0,"d":"0.00"}},{"v":0,"d":"0.00"}]
[null,"Разовые работы",141374.89,{"$nulls":24},{"$f":"D166","v":{"v":0,"d":"0.00"}}]
[null,"Итого с разовыми работами по объекту Участок Кампус-парка в зоне Z2.1 вблизи 10 квартала района D2  в летний период",{"$nulls":25},{"$f":"AB165+AB166","v":{"v":0,"d":"0.00"}}]
[null,"в т.ч. НДС 18%",{"$nulls":25},{"$f":"AB167/1.18*0.18","v":{"v":0,"d":"0.00"}}]
["Участок Кампус-парка в зоне Z2.1 вблизи западной части \"Делового центра Сколково\""]
[1,"Комплексный уход за деревьями (рыхление лунок, внесение удобрений, полив, обрезка нижних сучьев)",{"$f":"488.71*1.18","v":{"v":576.6777999999999,"d":"576.68"}},null,"шт",{"v":151,"d":"151.00"},1,null,1,null,1,null,1,{"$f":"ROUND($F170*G170,2)","v":{"v":151,"d":"151.00"}},null,{"$f":"ROUND($F170*I170,2)","v":{"v":151,"d":"151.00"}},null,{"$f":"ROUND($F170*K170,2)","v":{"v":151,"d":"151.00"}},null,{"$f":"ROUND($F170*M170,2)","v":{"v":151,"d":"151.00"}},{"$f":"D170*F170*G170","v":{"v":0,"d":"0.00"}},null,{"$f":"D170*F170*I170","v":{"v":0,"d":"0.00"}},null,{"$f":"ROUND(($D170*R170),2)","v":{"v":0,"d":"0.00"}},{"v":0,"d":"0.00"},{"v":0,"d":"0.00"},{"$f":"SUM(U170:AA170)","v":{"v":0,"d":"0.00"}}]
[2,"Комплексный уход за саженцами кустарников в групповых посадках",{"$f":"41.5*1.18","v":48.97},null,"шт",{"v":5870,"d":"5,870.00"},1,null,1,null,1,null,1,{"$f":"ROUND($F171*G171,2)","v":{"v":5870,"d":"5,870.00"}},null,{"v":5870,"d":"5,870.00"},null,{"$f":"ROUND($F171*K171,2)","v":{"v":5870,"d":"5,870.00"}},null,{"$f":"ROUND($F171*M171,2)","v":{"v":5870,"d":"5,870.00"}},{"$f":"D171*F171*G171","v":{"v":0,"d":"0.00"}},null,{"v":0,"d":"0.00"},null,{"v":0,"d":"0.00"},{"v":0,"d":"0.00"},{"v":0,"d":"0.00"},{"v":0,"d":"0.00"}]
[3,"Уход за газонами: выкашивание - 1 раз в 7 дней; полив - один раз в 7 дней; прополка - 5 раз за период; стрижка газонной каймы - 3 раза за период",{"$f":"53.3*1.18","v":{"v":62.89399999999999,"d":"62.89"}},null,"м2",{"v":5304,"d":"5,304.00"},1,1,1,1,1,1,1,{"$f":"ROUND($F172*G172,2)","v":{"v":5304,"d":"5,304.00"}},{"$f":"ROUND($F172*H172,2)","v":{"v":5304,"d":"5,304.00"}},{"v":5304,"d":"5,304.00"},{"$f":"ROUND($F172*J172,2)","v":{"v":5304,"d":"5,304.00"}},{"$f":"ROUND($F172*K172,2)","v":{"v":5304,"d":"5,304.00"}},{"$f":"ROUND($F172*L172,2)","v":{"v":5304,"d":"5,304.00"}},{"$f":"ROUND($F172*M172,2)","v":{"v":5304,"d":"5,304.00"}},{"$f":"D172*F172*G172","v":{"v":0,"d":"0.00"}},{"$f":"D172*F172*H172","v":{"v":0,"d":"0.00"}},{"v":0,"d":"0.00"},{"$f":"D172*F172*J172","v":{"v":0,"d":"0.00"}},{"v":0,"d":"0.00"},{"v":0,"d":"0.00"},{"v":0,"d":"0.00"},{"v":0,"d":"0.00"}]
[4,"Уборка опавших листьев",{"$f":"1.62*1.18","v":{"v":1.9116,"d":"1.91"}},null,"м2",{"v":5304,"d":"5,304.00"},null,null,1,1,{"$nulls":5},{"v":5304,"d":"5,304.00"},{"$f":"ROUND($F173*J173,2)","v":{"v":5304,"d":"5,304.00"}},{"$nulls":5},{"v":0,"d":"0.00"},{"$f":"D173*F173*J173","v":{"v":0,"d":"0.00"}},{"$nulls":3},{"v":0,"d":"0.00"}]
[5,"Очистка газона от случайного мусора",{"$f":"0.14*1.18","v":{"v":0.1652,"d":"0.17"}},null,"м2",{"v":530.4,"d":"530.40"},1,1,1,1,1,1,1,{"$f":"ROUND($F174*G174,2)","v":{"v":530.4,"d":"530.40"}},{"v":530.4,"d":"530.40"},{"v":530.4,"d":"530.40"},{"$f":"ROUND($F174*J174,2)","v":{"v":530.4,"d":"530.40"}},{"$f":"ROUND($F174*K174,2)","v":{"v":530.4,"d":"530.40"}},{"v":530.4,"d":"530.40"},{"v":530.4,"d":"530.40"},{"$f":"D174*F174*G174","v":{"v":0,"d":"0.00"}},{"$f":"D174*F174*H174","v":{"v":0,"d":"0.00"}},{"v":0,"d":"0.00"},{"$f":"D174*F174*J174","v":{"v":0,"d":"0.00"}},{"$f":"ROUND(($D174*R174),2)","v":{"v":0,"d":"0.00"}},{"v":0,"d":"0.00"},{"v":0,"d":"0.00"},{"v":0,"d":"0.00"}]
[6,"Механизированная уборка территории (дорог, стоянок, площадок)  с поливом",{"$f":"0.26*1.18","v":{"v":0.3068,"d":"0.31"}},null,"м2",{"v":1301,"d":"1,301.00"},31,31,30,31,30,31,30,{"v":40331,"d":"40,331.00"},{"v":40331,"d":"40,331.00"},{"v":39030,"d":"39,030.00"},{"$f":"ROUND($F175*J175,2)","v":{"v":40331,"d":"40,331.00"}},{"v":39030,"d":"39,030.00"},{"v":40331,"d":"40,331.00"},{"v":39030,"d":"39,030.00"},{"$f":"D175*F175*G175","v":{"v":0,"d":"0.00"}},{"$f":"D175*F175*H175","v":{"v":0,"d":"0.00"}},{"v":0,"d":"0.00"},{"$f":"D175*F175*J175","v":{"v":0,"d":"0.00"}},{"v":0,"d":"0.00"},{"v":0,"d":"0.00"},{"v":0,"d":"0.00"},{"v":0,"d":"0.00"}]
[7,"Очистка тротуаров, площадок и дорог вручную",{"$f":"0.37*1.18","v":{"v":0.4366,"d":"0.44"}},null,"м2",{"v":500,"d":"500.00"},31,31,30,31,30,31,30,{"v":15500,"d":"15,500.00"},{"v":15500,"d":"15,500.00"},{"v":15000,"d":"15,000.00"},{"$f":"ROUND($F176*J176,2)","v":{"v":15500,"d":"15,500.00"}},{"v":15000,"d":"15,000.00"},{"v":15500,"d":"15,500.00"},{"v":15000,"d":"15,000.00"},{"$f":"D176*F176*G176","v":{"v":0,"d":"0.00"}},{"$f":"D176*F176*H176","v":{"v":0,"d":"0.00"}},{"v":0,"d":"0.00"},{"$f":"D176*F176*J176","v":{"v":0,"d":"0.00"}},{"v":0,"d":"0.00"},{"v":0,"d":"0.00"},{"v":0,"d":"0.00"},{"v":0,"d":"0.00"}]
[8,"Окрашивание скамеек (17шт.)",{"$f":"76.01*1.18","v":{"v":89.6918,"d":"89.69"}},null,"м2",{"$nulls":6},1,{"$nulls":6},{"$f":"ROUND($F177*L177,2)","v":{"v":0,"d":"0.00"}},{"$nulls":6},{"$f":"ROUND(($D177*S177),2)","v":{"v":0,"d":"0.00"}},null,{"v":0,"d":"0.00"}]
[9,"Очистка и мойка  стендов и указателей (3шт.)",{"$f":"10.8*1.18","v":{"v":12.744,"d":"12.74"}},null,"м2",{"$f":"4.8+4.2","v":{"v":9,"d":"9.00"}},2,2,2,2,2,2,2,{"$f":"ROUND($F178*G178,2)","v":{"v":18,"d":"18.00"}},{"v":18,"d":"18.00"},{"v":18,"d":"18.00"},{"v":18,"d":"18.00"},{"v":18,"d":"18.00"},{"v":18,"d":"18.00"},{"$f":"ROUND($F178*M178,2)","v":{"v":18,"d":"18.00"}},{"$f":"D178*F178*G178","v":{"v":0,"d":"0.00"}},{"$f":"D178*F178*H178","v":{"v":0,"d":"0.00"}},{"$f":"D178*F178*I178","v":{"v":0,"d":"0.00"}},{"$f":"D178*F178*J178","v":{"v":0,"d":"0.00"}},{"$f":"ROUND(($D178*R178),2)","v":{"v":0,"d":"0.00"}},{"v":0,"d":"0.00"},{"$f":"ROUND(($D178*T178),2)","v":{"v":0,"d":"0.00"}},{"v":0,"d":"0.00"}]
[10,"Очистка и мойка водой из шланга поверхности велопарковок (2шт.)",26.31,null,"м2",{"v":4.4,"d":"4.40"},2,2,2,2,2,2,2,{"v":8.8,"d":"8.80"},{"v":8.8,"d":"8.80"},{"v":8.8,"d":"8.80"},{"v":8.8,"d":"8.80"},{"v":8.8,"d":"8.80"},{"v":8.8,"d":"8.80"},{"v":8.8,"d":"8.80"},{"v":0,"d":"0.00"},{"v":0,"d":"0.00"},{"v":0,"d":"0.00"},{"v":0,"d":"0.00"},{"v":0,"d":"0.00"},{"v":0,"d":"0.00"},{"v":0,"d":"0.00"},{"v":0,"d":"0.00"}]
[11,"Очистка и мойка водой из шланга опор освещения (25шт.)",{"$f":"22.3*1.18","v":{"v":26.314,"d":"26.31"}},null,"м2",42.25,2,2,2,2,2,2,2,{"v":84.5,"d":"84.50"},{"v":84.5,"d":"84.50"},{"v":84.5,"d":"84.50"},{"v":84.5,"d":"84.50"},{"v":84.5,"d":"84.50"},{"v":84.5,"d":"84.50"},{"v":84.5,"d":"84.50"},{"v":0,"d":"0.00"},{"v":0,"d":"0.00"},{"v":0,"d":"0.00"},{"v":0,"d":"0.00"},{"v":0,"d":"0.00"},{"v":0,"d":"0.00"},{"v":0,"d":"0.00"},{"v":0,"d":"0.00"}]
[12,"Очистка поверхности скамеек от пыли и грязи (7шт.)",{"$f":"14.11*1.18","v":{"v":16.6498,"d":"16.65"}},null,"м2",{"v":75,"d":"75.00"},2,2,2,2,2,2,2,{"v":150,"d":"150.00"},{"v":150,"d":"150.00"},{"v":150,"d":"150.00"},{"v":150,"d":"150.00"},{"v":150,"d":"150.00"},{"v":150,"d":"150.00"},{"v":150,"d":"150.00"},{"v":0,"d":"0.00"},{"v":0,"d":"0.00"},{"v":0,"d":"0.00"},{"v":0,"d":"0.00"},{"v":0,"d":"0.00"},{"v":0,"d":"0.00"},{"v":0,"d":"0.00"},{"v":0,"d":"0.00"}]
[13,"Очистка и мойка водой из шланга пергол (5шт.)",{"$f":"22.3*1.18","v":{"v":26.314,"d":"26.31"}},null,"м2",{"v":2758,"d":"2,758.00"},2,2,2,2,2,2,2,{"v":5516,"d":"5,516.00"},{"v":5516,"d":"5,516.00"},{"v":5516,"d":"5,516.00"},{"v":5516,"d":"5,516.00"},{"v":5516,"d":"5,516.00"},{"v":5516,"d":"5,516.00"},{"v":5516,"d":"5,516.00"},{"v":0,"d":"0.00"},{"v":0,"d":"0.00"},{"v":0,"d":"0.00"},{"v":0,"d":"0.00"},{"v":0,"d":"0.00"},{"v":0,"d":"0.00"},{"v":0,"d":"0.00"},{"v":0,"d":"0.00"}]
[14,"Промывка урн и пепельниц ",{"$f":"55.11*1.18","v":{"v":65.0298,"d":"65.03"}},null,"шт.",{"v":12,"d":"12.00"},2,2,2,2,2,2,2,{"v":24,"d":"24.00"},{"v":24,"d":"24.00"},{"v":24,"d":"24.00"},{"v":24,"d":"24.00"},{"v":24,"d":"24.00"},{"v":24,"d":"24.00"},{"v":24,"d":"24.00"},{"v":0,"d":"0.00"},{"v":0,"d":"0.00"},{"v":0,"d":"0.00"},{"v":0,"d":"0.00"},{"v":0,"d":"0.00"},{"v":0,"d":"0.00"},{"v":0,"d":"0.00"},{"v":0,"d":"0.00"}]
[15,"Очистка урн и пепельниц от мусора",{"$f":"8.03*1.18","v":{"v":9.475399999999999,"d":"9.48"}},null,"шт",{"v":12,"d":"12.00"},29,29,28,29,28,29,28,{"v":348,"d":"348.00"},{"v":348,"d":"348.00"},{"v":336,"d":"336.00"},{"v":348,"d":"348.00"},{"v":336,"d":"336.00"},{"v":348,"d":"348.00"},{"v":336,"d":"336.00"},{"v":0,"d":"0.00"},{"v":0,"d":"0.00"},{"v":0,"d":"0.00"},{"v":0,"d":"0.00"},{"v":0,"d":"0.00"},{"v":0,"d":"0.00"},{"v":0,"d":"0.00"},{"v":0,"d":"0.00"}]
[16,"Комплексное содержание системы наружного освещения: садово-парковые, прожекторы цветодинамические, грунтовые светильники. При этом выполняются следующие виды работ:ежедневно: наружный осмотр арматуры на предмет отсутствия повреждений; ежемесячно: удаление пыли и грязи, протирка арматуры, внутренний осмотр арматуры, проверка подключений к арматуре электропроводки и сетей заземления, ликвидация видимых повреждений, проверка наличия заземления и зануления, замена перегоревших ламп, пускорегулирующей арматуры, проверка надежности креплений, подвесок, проверка уровня освещенности, контрольный замер напряжения в сети со стороны питания, ликвидация неисправностей и видимых повреждений по мере обнаружения)",{"$f":"915.99*1.18","v":{"v":1080.8682,"d":"1080.87"}},null,"шт",{"v":55,"d":"55.00"},1,1,1,1,1,1,1,{"v":55,"d":"55.00"},{"v":55,"d":"55.00"},{"v":55,"d":"55.00"},{"v":55,"d":"55.00"},{"v":55,"d":"55.00"},{"v":55,"d":"55.00"},{"v":55,"d":"55.00"},{"v":0,"d":"0.00"},{"v":0,"d":"0.00"},{"v":0,"d":"0.00"},{"v":0,"d":"0.00"},{"v":0,"d":"0.00"},{"v":0,"d":"0.00"},{"v":0,"d":"0.00"},{"v":0,"d":"0.00"}]
[null,"Итого по объекту Участок Кампус-парка в зоне Z2.1 вблизи западной части \"Делового центра Сколково\" в летний период",{"$nulls":18},{"$f":"SUM(U170:U185)","v":{"v":0,"d":"0.00"}},{"v":0,"d":"0.00"},{"v":0,"d":"0.00"},{"v":0,"d":"0.00"},{"v":0,"d":"0.00"},{"v":0,"d":"0.00"},{"v":0,"d":"0.00"},{"v":0,"d":"0.00"}]
[null,"Разовые работы",105368.5,{"$nulls":24},{"$f":"D187","v":{"v":0,"d":"0.00"}}]
[null,"Итого с разовыми работами по объекту Участок Кампус-парка в зоне Z2.1 вблизи западной части \"Делового центра Сколково\" в летний период",{"$nulls":25},{"$f":"AB186+AB187","v":{"v":0,"d":"0.00"}}]
[null,"в т.ч. НДС 18%",{"$nulls":25},{"$f":"AB188/1.18*0.18","v":{"v":0,"d":"0.00"}}]
["Участок Кампус-парка в зоне Z2.1 вблизи южной части \"Делового центра Сколково\""]
[1,"Комплексный уход за деревьями (рыхление лунок, внесение удобрений, полив, обрезка нижних сучьев)",{"$f":"488.71*1.18","v":{"v":576.6777999999999,"d":"576.68"}},null,"шт",{"v":313,"d":"313.00"},1,null,1,null,1,null,1,{"$f":"ROUND($F191*G191,2)","v":{"v":313,"d":"313.00"}},null,{"$f":"ROUND($F191*I191,2)","v":{"v":313,"d":"313.00"}},null,{"$f":"ROUND($F191*K191,2)","v":{"v":313,"d":"313.00"}},null,{"$f":"ROUND($F191*M191,2)","v":{"v":313,"d":"313.00"}},{"$f":"D191*F191*G191","v":{"v":0,"d":"0.00"}},null,{"$f":"D191*F191*I191","v":{"v":0,"d":"0.00"}},null,{"$f":"ROUND(($D191*R191),2)","v":{"v":0,"d":"0.00"}},{"v":0,"d":"0.00"},{"v":0,"d":"0.00"},{"$f":"SUM(U191:AA191)","v":{"v":0,"d":"0.00"}}]
[2,"Комплексный уход за саженцами кустарников в групповых посадках",{"$f":"41.5*1.18","v":48.97},null,"шт",{"v":4691,"d":"4,691.00"},1,null,1,null,1,null,1,{"$f":"ROUND($F192*G192,2)","v":{"v":4691,"d":"4,691.00"}},null,{"v":4691,"d":"4,691.00"},null,{"$f":"ROUND($F192*K192,2)","v":{"v":4691,"d":"4,691.00"}},null,{"$f":"ROUND($F192*M192,2)","v":{"v":4691,"d":"4,691.00"}},{"$f":"D192*F192*G192","v":{"v":0,"d":"0.00"}},null,{"v":0,"d":"0.00"},null,{"v":0,"d":"0.00"},{"v":0,"d":"0.00"},{"v":0,"d":"0.00"},{"v":0,"d":"0.00"}]
[3,"Комплексный уход за саженцами кустарников в живой изгороди двухрядной",{"$f":"73.49*1.18","v":{"v":86.7182,"d":"86.72"}},null,"1 м",{"v":359.6,"d":"359.60"},1,null,1,null,1,null,1,{"$f":"ROUND($F193*G193,2)","v":{"v":359.6,"d":"359.60"}},null,{"v":359.6,"d":"359.60"},null,{"$f":"ROUND($F193*K193,2)","v":{"v":359.6,"d":"359.60"}},null,{"$f":"ROUND($F193*M193,2)","v":{"v":359.6,"d":"359.60"}},{"$f":"D193*F193*G193","v":{"v":0,"d":"0.00"}},null,{"v":0,"d":"0.00"},null,{"v":0,"d":"0.00"},{"v":0,"d":"0.00"},{"v":0,"d":"0.00"},{"v":0,"d":"0.00"}]
[4,"Уход за газонами: выкашивание - 1 раз в 7 дней; полив - один раз в 7 дней; прополка - 5 раз за период; стрижка газонной каймы - 3 раза за период",{"$f":"53.3*1.18","v":{"v":62.89399999999999,"d":"62.89"}},null,"м2",{"v":10554.11,"d":"10,554.11"},1,1,1,1,1,1,1,{"$f":"ROUND($F194*G194,2)","v":{"v":10554.11,"d":"10,554.11"}},{"$f":"ROUND($F194*H194,2)","v":{"v":10554.11,"d":"10,554.11"}},{"v":10554.11,"d":"10,554.11"},{"$f":"ROUND($F194*J194,2)","v":{"v":10554.11,"d":"10,554.11"}},{"$f":"ROUND($F194*K194,2)","v":{"v":10554.11,"d":"10,554.11"}},{"$f":"ROUND($F194*L194,2)","v":{"v":10554.11,"d":"10,554.11"}},{"$f":"ROUND($F194*M194,2)","v":{"v":10554.11,"d":"10,554.11"}},{"$f":"D194*F194*G194","v":{"v":0,"d":"0.00"}},{"$f":"D194*F194*H194","v":{"v":0,"d":"0.00"}},{"v":0,"d":"0.00"},{"$f":"D194*F194*J194","v":{"v":0,"d":"0.00"}},{"v":0,"d":"0.00"},{"v":0,"d":"0.00"},{"v":0,"d":"0.00"},{"v":0,"d":"0.00"}]
[5,"Уборка опавших листьев",{"$f":"1.62*1.18","v":{"v":1.9116,"d":"1.91"}},null,"м2",{"v":10554.11,"d":"10,554.11"},null,null,1,1,{"$nulls":5},{"v":10554.11,"d":"10,554.11"},{"v":10554.11,"d":"10,554.11"},{"$nulls":5},{"v":0,"d":"0.00"},{"v":0,"d":"0.00"},{"$nulls":3},{"v":0,"d":"0.00"}]
[6,"Очистка газона от случайного мусора",{"$f":"0.14*1.18","v":{"v":0.1652,"d":"0.17"}},null,"м2",{"v":1055.411,"d":"1,055.41"},1,1,1,1,1,1,1,{"$f":"ROUND($F196*G196,2)","v":{"v":1055.41,"d":"1,055.41"}},{"v":1055.41,"d":"1,055.41"},{"v":1055.41,"d":"1,055.41"},{"v":1055.41,"d":"1,055.41"},{"$f":"ROUND($F196*K196,2)","v":{"v":1055.41,"d":"1,055.41"}},{"v":1055.41,"d":"1,055.41"},{"v":1055.41,"d":"1,055.41"},{"$f":"D196*F196*G196","v":{"v":0,"d":"0.00"}},{"$f":"D196*F196*H196","v":{"v":0,"d":"0.00"}},{"v":0,"d":"0.00"},{"v":0,"d":"0.00"},{"$f":"ROUND(($D196*R196),2)","v":{"v":0,"d":"0.00"}},{"v":0,"d":"0.00"},{"v":0,"d":"0.00"},{"v":0,"d":"0.00"}]
[7,"Комплексный уход за цветниками (не менее 15 раз за период)",{"$f":"25.73*1.18","v":{"v":30.3614,"d":"30.36"}},null,"м2",{"v":180,"d":"180.00"},2,2,2,2,2,3,2,{"v":360,"d":"360.00"},{"v":360,"d":"360.00"},{"v":360,"d":"360.00"},{"v":360,"d":"360.00"},{"v":360,"d":"360.00"},{"v":540,"d":"540.00"},{"v":360,"d":"360.00"},{"$f":"D197*F197*G197","v":{"v":0,"d":"0.00"}},{"$f":"D197*F197*H197","v":{"v":0,"d":"0.00"}},{"v":0,"d":"0.00"},{"v":0,"d":"0.00"},{"v":0,"d":"0.00"},{"v":0,"d":"0.00"},{"v":0,"d":"0.00"},{"v":0,"d":"0.00"}]
[8,"Механизированная уборка территории (дорог, стоянок, площадок)  с поливом",{"$f":"0.26*1.18","v":{"v":0.3068,"d":"0.31"}},null,"м2",{"v":1629,"d":"1,629.00"},31,31,30,31,30,31,30,{"v":50499,"d":"50,499.00"},{"v":50499,"d":"50,499.00"},{"v":48870,"d":"48,870.00"},{"v":50499,"d":"50,499.00"},{"v":48870,"d":"48,870.00"},{"v":50499,"d":"50,499.00"},{"v":48870,"d":"48,870.00"},{"$f":"D198*F198*G198","v":{"v":0,"d":"0.00"}},{"$f":"D198*F198*H198","v":{"v":0,"d":"0.00"}},{"v":0,"d":"0.00"},{"v":0,"d":"0.00"},{"v":0,"d":"0.00"},{"v":0,"d":"0.00"},{"v":0,"d":"0.00"},{"v":0,"d":"0.00"}]
[9,"Очистка тротуаров, площадок и дорог вручную",{"$f":"0.37*1.18","v":{"v":0.4366,"d":"0.44"}},null,"м2",{"v":181,"d":"181.00"},31,31,30,31,30,31,30,{"v":5611,"d":"5,611.00"},{"v":5611,"d":"5,611.00"},{"v":5430,"d":"5,430.00"},{"v":5611,"d":"5,611.00"},{"v":5430,"d":"5,430.00"},{"v":5611,"d":"5,611.00"},{"v":5430,"d":"5,430.00"},{"$f":"D199*F199*G199","v":{"v":0,"d":"0.00"}},{"$f":"D199*F199*H199","v":{"v":0,"d":"0.00"}},{"v":0,"d":"0.00"},{"v":0,"d":"0.00"},{"v":0,"d":"0.00"},{"v":0,"d":"0.00"},{"v":0,"d":"0.00"},{"v":0,"d":"0.00"}]
[10,"Окрашивание скамеек (19шт.)",{"$f":"76.01*1.18","v":{"v":89.6918,"d":"89.69"}},null,"м2",{"v":34.8,"d":"34.80"},{"$nulls":5},1,{"$nulls":6},{"$f":"ROUND($F200*L200,2)","v":{"v":34.8,"d":"34.80"}},{"$nulls":6},{"$f":"ROUND(($D200*S200),2)","v":{"v":0,"d":"0.00"}},null,{"v":0,"d":"0.00"}]
[11,"Очистка и мойка  стендов и указателей (3шт.)",{"$f":"10.8*1.18","v":{"v":12.744,"d":"12.74"}},null,"м2",6.84,2,2,2,2,2,2,2,{"$f":"ROUND($F201*G201,2)","v":13.68},13.68,13.68,13.68,13.68,13.68,{"$f":"ROUND($F201*M201,2)","v":13.68},{"$f":"D201*F201*G201","v":{"v":0,"d":"0.00"}},{"$f":"D201*F201*H201","v":{"v":0,"d":"0.00"}},{"$f":"D201*F201*I201","v":{"v":0,"d":"0.00"}},{"$f":"D201*F201*J201","v":{"v":0,"d":"0.00"}},{"$f":"ROUND(($D201*R201),2)","v":{"v":0,"d":"0.00"}},{"v":0,"d":"0.00"},{"$f":"ROUND(($D201*T201),2)","v":{"v":0,"d":"0.00"}},{"v":0,"d":"0.00"}]
[12,"Очистка и мойка водой из шланга поверхности велопарковок (2шт.)",26.31,null,"м2",5.08,2,2,2,2,2,2,2,10.16,10.16,10.16,10.16,10.16,10.16,10.16,{"v":0,"d":"0.00"},{"v":0,"d":"0.00"},{"v":0,"d":"0.00"},{"v":0,"d":"0.00"},{"v":0,"d":"0.00"},{"v":0,"d":"0.00"},{"v":0,"d":"0.00"},{"v":0,"d":"0.00"}]
[13,"Очистка и мойка водой из шланга опор освещения (74шт.)",{"$f":"22.3*1.18","v":{"v":26.314,"d":"26.31"}},null,"м2",70.73,2,2,2,2,2,2,2,141.46,141.46,141.46,141.46,141.46,141.46,141.46,{"v":0,"d":"0.00"},{"v":0,"d":"0.00"},{"v":0,"d":"0.00"},{"v":0,"d":"0.00"},{"v":0,"d":"0.00"},{"v":0,"d":"0.00"},{"v":0,"d":"0.00"},{"v":0,"d":"0.00"}]
[14,"Очистка поверхности скамеек от пыли и грязи (19шт.)",{"$f":"14.11*1.18","v":{"v":16.6498,"d":"16.65"}},null,"м2",{"v":34.8,"d":"34.80"},2,2,2,2,2,2,2,{"v":69.6,"d":"69.60"},{"v":69.6,"d":"69.60"},{"v":69.6,"d":"69.60"},{"v":69.6,"d":"69.60"},{"v":69.6,"d":"69.60"},{"v":69.6,"d":"69.60"},{"v":69.6,"d":"69.60"},{"v":0,"d":"0.00"},{"v":0,"d":"0.00"},{"v":0,"d":"0.00"},{"v":0,"d":"0.00"},{"v":0,"d":"0.00"},{"v":0,"d":"0.00"},{"v":0,"d":"0.00"},{"v":0,"d":"0.00"}]
[15,"Промывка урн и пепельниц ",{"$f":"55.11*1.18","v":{"v":65.0298,"d":"65.03"}},null,"шт.",{"v":19,"d":"19.00"},2,2,2,2,2,2,2,{"v":38,"d":"38.00"},{"v":38,"d":"38.00"},{"v":38,"d":"38.00"},{"v":38,"d":"38.00"},{"v":38,"d":"38.00"},{"v":38,"d":"38.00"},{"v":38,"d":"38.00"},{"v":0,"d":"0.00"},{"v":0,"d":"0.00"},{"v":0,"d":"0.00"},{"v":0,"d":"0.00"},{"v":0,"d":"0.00"},{"v":0,"d":"0.00"},{"v":0,"d":"0.00"},{"v":0,"d":"0.00"}]
[16,"Очистка урн и пепельниц от мусора",{"$f":"8.03*1.18","v":{"v":9.475399999999999,"d":"9.48"}},null,"шт",{"v":19,"d":"19.00"},29,29,28,29,28,29,28,{"v":551,"d":"551.00"},{"v":551,"d":"551.00"},{"v":532,"d":"532.00"},{"v":551,"d":"551.00"},{"v":532,"d":"532.00"},{"v":551,"d":"551.00"},{"v":532,"d":"532.00"},{"v":0,"d":"0.00"},{"v":0,"d":"0.00"},{"v":0,"d":"0.00"},{"v":0,"d":"0.00"},{"v":0,"d":"0.00"},{"v":0,"d":"0.00"},{"v":0,"d":"0.00"},{"v":0,"d":"0.00"}]
[17,"Комплексное содержание системы наружного освещения: садово-парковые, прожекторы цветодинамические, грунтовые светильники. При этом выполняются следующие виды работ:ежедневно: наружный осмотр арматуры на предмет отсутствия повреждений; ежемесячно: удаление пыли и грязи, протирка арматуры, внутренний осмотр арматуры, проверка подключений к арматуре электропроводки и сетей заземления, ликвидация видимых повреждений, проверка наличия заземления и зануления, замена перегоревших ламп, пускорегулирующей арматуры, проверка надежности креплений, подвесок, проверка уровня освещенности, контрольный замер напряжения в сети со стороны питания, ликвидация неисправностей и видимых повреждений по мере обнаружения)",{"$f":"915.99*1.18","v":{"v":1080.8682,"d":"1080.87"}},null,"шт",{"v":76,"d":"76.00"},1,1,1,1,1,1,1,{"v":76,"d":"76.00"},{"v":76,"d":"76.00"},{"v":76,"d":"76.00"},{"v":76,"d":"76.00"},{"v":76,"d":"76.00"},{"v":76,"d":"76.00"},{"v":76,"d":"76.00"},{"v":0,"d":"0.00"},{"v":0,"d":"0.00"},{"v":0,"d":"0.00"},{"v":0,"d":"0.00"},{"v":0,"d":"0.00"},{"v":0,"d":"0.00"},{"v":0,"d":"0.00"},{"v":0,"d":"0.00"}]
[null,"Итого по объекту Участок Кампус-парка в зоне Z2.1 вблизи южной части \"Делового центра Сколково\" в летний период",{"$nulls":18},{"$f":"SUM(U191:U207)","v":{"v":0,"d":"0.00"}},{"v":0,"d":"0.00"},{"v":0,"d":"0.00"},{"v":0,"d":"0.00"},{"v":0,"d":"0.00"},{"v":0,"d":"0.00"},{"v":0,"d":"0.00"},{"v":0,"d":"0.00"}]
[null,"Разовые работы",139559.82,{"$nulls":24},{"$f":"D20","v":{"v":0,"d":"0.00"}}]
[null,"Итого с разовыми работами по объектуУчасток Кампус-парка в зоне Z2.1 вблизи южной части \"Делового центра Сколково\" в летний период",{"$nulls":25},{"$f":"AB208+AB209","v":{"v":0,"d":"0.00"}}]
[null,"в т.ч. НДС 18%",{"$nulls":25},{"$f":"AB210/1.18*0.18","v":{"v":0,"d":"0.00"}}]
["Сквер Офисного центра \"Технопарк\" в районе D1"]
[1,"Комплексный уход за деревьями (рыхление лунок, внесение удобрений, полив, обрезка нижних сучьев)",{"$f":"488.71*1.18","v":{"v":576.6777999999999,"d":"576.68"}},null,"шт",{"v":123,"d":"123.00"},1,null,1,null,1,null,1,{"$f":"ROUND($F213*G213,2)","v":{"v":123,"d":"123.00"}},null,{"$f":"ROUND($F213*I213,2)","v":{"v":123,"d":"123.00"}},null,{"$f":"ROUND($F213*K213,2)","v":{"v":123,"d":"123.00"}},null,{"$f":"ROUND($F213*M213,2)","v":{"v":123,"d":"123.00"}},{"$f":"D213*F213*G213","v":{"v":0,"d":"0.00"}},null,{"$f":"D213*F213*I213","v":{"v":0,"d":"0.00"}},null,{"$f":"ROUND(($D213*R213),2)","v":{"v":0,"d":"0.00"}},{"v":0,"d":"0.00"},{"v":0,"d":"0.00"},{"$f":"SUM(U213:AA213)","v":{"v":0,"d":"0.00"}}]
[2,"Уход за газонами: выкашивание - 1 раз в 7 дней; полив - один раз в 7 дней; прополка - 5 раз за период; стрижка газонной каймы - 3 раза за период",{"$f":"53.3*1.18","v":{"v":62.89399999999999,"d":"62.89"}},null,"м2",{"v":3613,"d":"3,613.00"},1,1,1,1,1,1,1,{"$f":"ROUND($F214*G214,2)","v":{"v":3613,"d":"3,613.00"}},{"$f":"ROUND($F214*H214,2)","v":{"v":3613,"d":"3,613.00"}},{"v":3613,"d":"3,613.00"},{"$f":"ROUND($F214*J214,2)","v":{"v":3613,"d":"3,613.00"}},{"$f":"ROUND($F214*K214,2)","v":{"v":3613,"d":"3,613.00"}},{"$f":"ROUND($F214*L214,2)","v":{"v":3613,"d":"3,613.00"}},{"$f":"ROUND($F214*M214,2)","v":{"v":3613,"d":"3,613.00"}},{"$f":"D214*F214*G214","v":{"v":0,"d":"0.00"}},{"$f":"D214*F214*H214","v":{"v":0,"d":"0.00"}},{"v":0,"d":"0.00"},{"$f":"D214*F214*J214","v":{"v":0,"d":"0.00"}},{"v":0,"d":"0.00"},{"v":0,"d":"0.00"},{"v":0,"d":"0.00"},{"v":0,"d":"0.00"}]
[3,"Уборка опавших листьев",{"$f":"1.62*1.18","v":{"v":1.9116,"d":"1.91"}},null,"м2",{"v":3613,"d":"3,613.00"},null,null,1,1,{"$nulls":5},{"v":3613,"d":"3,613.00"},{"$f":"ROUND($F215*J215,2)","v":{"v":3613,"d":"3,613.00"}},{"$nulls":5},{"v":0,"d":"0.00"},{"$f":"D215*F215*J215","v":{"v":0,"d":"0.00"}},{"$nulls":3},{"v":0,"d":"0.00"}]
[4,"Очистка газона от случайного мусора",{"$f":"0.14*1.18","v":{"v":0.1652,"d":"0.17"}},null,"м2",{"v":361.3,"d":"361.30"},1,1,1,1,1,1,1,{"$f":"ROUND($F216*G216,2)","v":{"v":361.3,"d":"361.30"}},{"v":361.3,"d":"361.30"},{"v":361.3,"d":"361.30"},{"$f":"ROUND($F216*J216,2)","v":{"v":361.3,"d":"361.30"}},{"$f":"ROUND($F216*K216,2)","v":{"v":361.3,"d":"361.30"}},{"v":361.3,"d":"361.30"},{"v":361.3,"d":"361.30"},{"$f":"D216*F216*G216","v":{"v":0,"d":"0.00"}},{"$f":"D216*F216*H216","v":{"v":0,"d":"0.00"}},{"v":0,"d":"0.00"},{"$f":"D216*F216*J216","v":{"v":0,"d":"0.00"}},{"$f":"ROUND(($D216*R216),2)","v":{"v":0,"d":"0.00"}},{"v":0,"d":"0.00"},{"v":0,"d":"0.00"},{"v":0,"d":"0.00"}]
[5,"Механизированная уборка территории (дорог, стоянок, площадок)  с поливом",{"$f":"0.26*1.18","v":{"v":0.3068,"d":"0.31"}},null,"м2",{"v":2622.6,"d":"2,622.60"},31,31,30,31,30,31,30,{"v":81300.6,"d":"81,300.60"},{"v":81300.6,"d":"81,300.60"},{"v":78678,"d":"78,678.00"},{"$f":"ROUND($F217*J217,2)","v":{"v":81300.6,"d":"81,300.60"}},{"v":78678,"d":"78,678.00"},{"v":81300.6,"d":"81,300.60"},{"v":78678,"d":"78,678.00"},{"$f":"D217*F217*G217","v":{"v":0,"d":"0.00"}},{"$f":"D217*F217*H217","v":{"v":0,"d":"0.00"}},{"v":0,"d":"0.00"},{"$f":"D217*F217*J217","v":{"v":0,"d":"0.00"}},{"v":0,"d":"0.00"},{"v":0,"d":"0.00"},{"v":0,"d":"0.00"},{"v":0,"d":"0.00"}]
[6,"Очистка тротуаров, площадок и дорог вручную",{"$f":"0.37*1.18","v":{"v":0.4366,"d":"0.44"}},null,"м2",{"v":291.4,"d":"291.40"},31,31,30,31,30,31,30,{"v":9033.4,"d":"9,033.40"},{"v":9033.4,"d":"9,033.40"},{"v":8742,"d":"8,742.00"},{"$f":"ROUND($F218*J218,2)","v":{"v":9033.4,"d":"9,033.40"}},{"v":8742,"d":"8,742.00"},{"v":9033.4,"d":"9,033.40"},{"v":8742,"d":"8,742.00"},{"$f":"D218*F218*G218","v":{"v":0,"d":"0.00"}},{"$f":"D218*F218*H218","v":{"v":0,"d":"0.00"}},{"v":0,"d":"0.00"},{"$f":"D218*F218*J218","v":{"v":0,"d":"0.00"}},{"v":0,"d":"0.00"},{"v":0,"d":"0.00"},{"v":0,"d":"0.00"},{"v":0,"d":"0.00"}]
[7,"Окрашивание скамеек (22шт.)",{"$f":"76.01*1.18","v":{"v":89.6918,"d":"89.69"}},null,"м2",{"v":44,"d":"44.00"},{"$nulls":5},1,{"$nulls":6},{"$f":"ROUND($F219*L219,2)","v":{"v":44,"d":"44.00"}},{"$nulls":6},{"$f":"ROUND(($D219*S219),2)","v":{"v":0,"d":"0.00"}},null,{"v":0,"d":"0.00"}]
[8,"Очистка и мойка  стендов и указателей (3шт.)",{"$f":"10.8*1.18","v":{"v":12.744,"d":"12.74"}},null,"м2",{"v":7.2,"d":"7.20"},2,2,2,2,2,2,2,{"$f":"ROUND($F220*G220,2)","v":{"v":14.4,"d":"14.40"}},{"v":14.4,"d":"14.40"},{"v":14.4,"d":"14.40"},{"v":14.4,"d":"14.40"},{"v":14.4,"d":"14.40"},{"v":14.4,"d":"14.40"},{"$f":"ROUND($F220*M220,2)","v":{"v":14.4,"d":"14.40"}},{"$f":"D220*F220*G220","v":{"v":0,"d":"0.00"}},{"$f":"D220*F220*H220","v":{"v":0,"d":"0.00"}},{"$f":"D220*F220*I220","v":{"v":0,"d":"0.00"}},{"$f":"D220*F220*J220","v":{"v":0,"d":"0.00"}},{"$f":"ROUND(($D220*R220),2)","v":{"v":0,"d":"0.00"}},{"v":0,"d":"0.00"},{"$f":"ROUND(($D220*T220),2)","v":{"v":0,"d":"0.00"}},{"v":0,"d":"0.00"}]
[9,"Очистка и мойка водой из шланга поверхности велопарковок (3шт.)",26.31,null,"м2",{"v":6.6,"d":"6.60"},2,2,2,2,2,2,2,{"v":13.2,"d":"13.20"},{"v":13.2,"d":"13.20"},{"v":13.2,"d":"13.20"},{"v":13.2,"d":"13.20"},{"v":13.2,"d":"13.20"},{"v":13.2,"d":"13.20"},{"v":13.2,"d":"13.20"},{"v":0,"d":"0.00"},{"v":0,"d":"0.00"},{"v":0,"d":"0.00"},{"v":0,"d":"0.00"},{"v":0,"d":"0.00"},{"v":0,"d":"0.00"},{"v":0,"d":"0.00"},{"v":0,"d":"0.00"}]
[10,"Очистка и мойка водой из шланга опор освещения (37шт.)",{"$f":"22.3*1.18","v":{"v":26.314,"d":"26.31"}},null,"м2",50.81,2,2,2,2,2,2,2,101.62,101.62,101.62,101.62,101.62,101.62,101.62,{"v":0,"d":"0.00"},{"v":0,"d":"0.00"},{"v":0,"d":"0.00"},{"v":0,"d":"0.00"},{"v":0,"d":"0.00"},{"v":0,"d":"0.00"},{"v":0,"d":"0.00"},{"v":0,"d":"0.00"}]
[11,"Очистка и мойка водой из шланга скульптуры (1шт.)",{"$f":"22.3*1.18","v":{"v":26.314,"d":"26.31"}},null,"м2",{"v":17.9,"d":"17.90"},2,2,2,2,2,2,2,{"v":35.8,"d":"35.80"},{"v":35.8,"d":"35.80"},{"v":35.8,"d":"35.80"},{"v":35.8,"d":"35.80"},{"v":35.8,"d":"35.80"},{"v":35.8,"d":"35.80"},{"v":35.8,"d":"35.80"},{"v":0,"d":"0.00"},{"v":0,"d":"0.00"},{"v":0,"d":"0.00"},{"v":0,"d":"0.00"},{"v":0,"d":"0.00"},{"v":0,"d":"0.00"},{"v":0,"d":"0.00"},{"v":0,"d":"0.00"}]
[12,"Очистка поверхности скамеек от пыли и грязи (22шт.)",{"$f":"14.11*1.18","v":{"v":16.6498,"d":"16.65"}},null,"м2",{"v":44,"d":"44.00"},2,2,2,2,2,2,2,{"v":88,"d":"88.00"},{"v":88,"d":"88.00"},{"v":88,"d":"88.00"},{"v":88,"d":"88.00"},{"v":88,"d":"88.00"},{"v":88,"d":"88.00"},{"v":88,"d":"88.00"},{"v":0,"d":"0.00"},{"v":0,"d":"0.00"},{"v":0,"d":"0.00"},{"v":0,"d":"0.00"},{"v":0,"d":"0.00"},{"v":0,"d":"0.00"},{"v":0,"d":"0.00"},{"v":0,"d":"0.00"}]
[13,"Промывка урн и пепельниц ",{"$f":"55.11*1.18","v":{"v":65.0298,"d":"65.03"}},null,"шт.",{"v":22,"d":"22.00"},2,2,2,2,2,2,2,{"v":44,"d":"44.00"},{"v":44,"d":"44.00"},{"v":44,"d":"44.00"},{"v":44,"d":"44.00"},{"v":44,"d":"44.00"},{"v":44,"d":"44.00"},{"v":44,"d":"44.00"},{"v":0,"d":"0.00"},{"v":0,"d":"0.00"},{"v":0,"d":"0.00"},{"v":0,"d":"0.00"},{"v":0,"d":"0.00"},{"v":0,"d":"0.00"},{"v":0,"d":"0.00"},{"v":0,"d":"0.00"}]
[14,"Очистка урн и пепельниц от мусора",{"$f":"8.03*1.18","v":{"v":9.475399999999999,"d":"9.48"}},null,"шт",{"v":22,"d":"22.00"},29,29,28,29,28,29,28,{"v":638,"d":"638.00"},{"v":638,"d":"638.00"},{"v":616,"d":"616.00"},{"v":638,"d":"638.00"},{"v":616,"d":"616.00"},{"v":638,"d":"638.00"},{"v":616,"d":"616.00"},{"v":0,"d":"0.00"},{"v":0,"d":"0.00"},{"v":0,"d":"0.00"},{"v":0,"d":"0.00"},{"v":0,"d":"0.00"},{"v":0,"d":"0.00"},{"v":0,"d":"0.00"},{"v":0,"d":"0.00"}]
[15,"Комплексное содержание системы наружного освещения: садово-парковые, прожекторы цветодинамические, грунтовые светильники. При этом выполняются следующие виды работ:ежедневно: наружный осмотр арматуры на предмет отсутствия повреждений; ежемесячно: удаление пыли и грязи, протирка арматуры, внутренний осмотр арматуры, проверка подключений к арматуре электропроводки и сетей заземления, ликвидация видимых повреждений, проверка наличия заземления и зануления, замена перегоревших ламп, пускорегулирующей арматуры, проверка надежности креплений, подвесок, проверка уровня освещенности, контрольный замер напряжения в сети со стороны питания, ликвидация неисправностей и видимых повреждений по мере обнаружения)",{"$f":"915.99*1.18","v":{"v":1080.8682,"d":"1080.87"}},null,"шт",{"v":146,"d":"146.00"},1,1,1,1,1,1,1,{"v":146,"d":"146.00"},{"v":146,"d":"146.00"},{"v":146,"d":"146.00"},{"v":146,"d":"146.00"},{"v":146,"d":"146.00"},{"v":146,"d":"146.00"},{"v":146,"d":"146.00"},{"v":0,"d":"0.00"},{"v":0,"d":"0.00"},{"v":0,"d":"0.00"},{"v":0,"d":"0.00"},{"v":0,"d":"0.00"},{"v":0,"d":"0.00"},{"v":0,"d":"0.00"},{"v":0,"d":"0.00"}]
[null,"Итого по объекту Сквер Офисного центра \"Технопарк\" в районе D1 в летний период",{"$nulls":18},{"$f":"SUM(U213:U227)","v":{"v":0,"d":"0.00"}},{"v":0,"d":"0.00"},{"v":0,"d":"0.00"},{"v":0,"d":"0.00"},{"v":0,"d":"0.00"},{"v":0,"d":"0.00"},{"v":0,"d":"0.00"},{"v":0,"d":"0.00"}]
[null,"Разовые работы",65952.42,{"$nulls":24},{"$f":"D229","v":{"v":0,"d":"0.00"}}]
[null,"Итого с разовыми работами по объекту Сквер Офисного центра \"Технопарк\" в районе D1 в летний период",{"$nulls":25},{"$f":"AB228+AB229","v":{"v":0,"d":"0.00"}}]
[null,"в т.ч. НДС 18%",{"$nulls":25},{"$f":"AB230/1.18*0.18","v":{"v":0,"d":"0.00"}}]
["Сад Технопарка (1-я очередь) "]
[1,"Комплексный уход за деревьями (рыхление лунок, внесение удобрений, полив, обрезка нижних сучьев)",{"$f":"488.71*1.18","v":{"v":576.6777999999999,"d":"576.68"}},null,"шт",{"v":377,"d":"377.00"},1,null,1,null,1,null,1,{"$f":"ROUND($F233*G233,2)","v":{"v":377,"d":"377.00"}},null,{"$f":"ROUND($F233*I233,2)","v":{"v":377,"d":"377.00"}},null,{"$f":"ROUND($F233*K233,2)","v":{"v":377,"d":"377.00"}},null,{"$f":"ROUND($F233*M233,2)","v":{"v":377,"d":"377.00"}},{"$f":"D233*F233*G233","v":{"v":0,"d":"0.00"}},null,{"$f":"D233*F233*I233","v":{"v":0,"d":"0.00"}},null,{"$f":"ROUND(($D233*R233),2)","v":{"v":0,"d":"0.00"}},{"v":0,"d":"0.00"},{"v":0,"d":"0.00"},{"$f":"SUM(U233:AA233)","v":{"v":0,"d":"0.00"}}]
[2,"Комплексный уход за саженцами кустарников в групповых посадках",{"$f":"41.5*1.18","v":48.97},null,"шт",{"v":20,"d":"20.00"},1,null,1,null,1,null,1,{"$f":"ROUND($F234*G234,2)","v":{"v":20,"d":"20.00"}},null,{"$f":"ROUND($F234*I234,2)","v":{"v":20,"d":"20.00"}},null,{"$f":"ROUND($F234*K234,2)","v":{"v":20,"d":"20.00"}},null,{"$f":"ROUND($F234*M234,2)","v":{"v":20,"d":"20.00"}},{"$f":"D234*F234*G234","v":{"v":0,"d":"0.00"}},null,{"$f":"D234*F234*I234","v":{"v":0,"d":"0.00"}},null,{"v":0,"d":"0.00"},{"v":0,"d":"0.00"},{"v":0,"d":"0.00"},{"v":0,"d":"0.00"}]
[3,"Уход за газонами: выкашивание - 1 раз в 7 дней; полив - один раз в 7 дней; прополка - 5 раз за период; стрижка газонной каймы - 3 раза за период",{"$f":"53.3*1.18","v":{"v":62.89399999999999,"d":"62.89"}},null,"м2",{"v":34929.6,"d":"34,929.60"},1,1,1,1,1,1,1,{"$f":"ROUND($F235*G235,2)","v":{"v":34929.6,"d":"34,929.60"}},{"$f":"ROUND($F235*H235,2)","v":{"v":34929.6,"d":"34,929.60"}},{"$f":"ROUND($F235*I235,2)","v":{"v":34929.6,"d":"34,929.60"}},{"$f":"ROUND($F235*J235,2)","v":{"v":34929.6,"d":"34,929.60"}},{"$f":"ROUND($F235*K235,2)","v":{"v":34929.6,"d":"34,929.60"}},{"$f":"ROUND($F235*L235,2)","v":{"v":34929.6,"d":"34,929.60"}},{"$f":"ROUND($F235*M235,2)","v":{"v":34929.6,"d":"34,929.60"}},{"$f":"D235*F235*G235","v":{"v":0,"d":"0.00"}},{"$f":"D235*F235*H235","v":{"v":0,"d":"0.00"}},{"$f":"D235*F235*I235","v":{"v":0,"d":"0.00"}},{"$f":"D235*F235*J235","v":{"v":0,"d":"0.00"}},{"v":0,"d":"0.00"},{"v":0,"d":"0.00"},{"v":0,"d":"0.00"},{"v":0,"d":"0.00"}]
[4,"Уборка опавших листьев",{"$f":"1.62*1.18","v":{"v":1.9116,"d":"1.91"}},null,"м2",{"v":34929.6,"d":"34,929.60"},null,null,1,1,{"$nulls":5},{"$f":"ROUND($F236*I236,2)","v":{"v":34929.6,"d":"34,929.60"}},{"$f":"ROUND($F236*J236,2)","v":{"v":34929.6,"d":"34,929.60"}},{"$nulls":5},{"$f":"D236*F236*I236","v":{"v":0,"d":"0.00"}},{"$f":"D236*F236*J236","v":{"v":0,"d":"0.00"}},{"$nulls":3},{"v":0,"d":"0.00"}]
[5,"Очистка газона от случайного мусора",{"$f":"0.14*1.18","v":{"v":0.1652,"d":"0.17"}},null,"м2",{"v":3492.96,"d":"3,492.96"},1,1,1,1,1,1,1,{"$f":"ROUND($F237*G237,2)","v":{"v":3492.96,"d":"3,492.96"}},{"$f":"ROUND($F237*H237,2)","v":{"v":3492.96,"d":"3,492.96"}},{"$f":"ROUND($F237*I237,2)","v":{"v":3492.96,"d":"3,492.96"}},{"$f":"ROUND($F237*J237,2)","v":{"v":3492.96,"d":"3,492.96"}},{"$f":"ROUND($F237*K237,2)","v":{"v":3492.96,"d":"3,492.96"}},{"$f":"ROUND($F237*L237,2)","v":{"v":3492.96,"d":"3,492.96"}},{"$f":"ROUND($F237*M237,2)","v":{"v":3492.96,"d":"3,492.96"}},{"$f":"D237*F237*G237","v":{"v":0,"d":"0.00"}},{"$f":"D237*F237*H237","v":{"v":0,"d":"0.00"}},{"$f":"D237*F237*I237","v":{"v":0,"d":"0.00"}},{"$f":"D237*F237*J237","v":{"v":0,"d":"0.00"}},{"$f":"ROUND(($D237*R237),2)","v":{"v":0,"d":"0.00"}},{"$f":"ROUND(($D237*S237),2)","v":{"v":0,"d":"0.00"}},{"$f":"ROUND(($D237*T237),2)","v":{"v":0,"d":"0.00"}},{"v":0,"d":"0.00"}]
[null,"Итого по объекту Сад Технопарка (1-я очередь)  в летний период",{"$nulls":18},{"$f":"SUM(U233:U237)","v":{"v":0,"d":"0.00"}},{"v":0,"d":"0.00"},{"v":0,"d":"0.00"},{"v":0,"d":"0.00"},{"v":0,"d":"0.00"},{"v":0,"d":"0.00"},{"v":0,"d":"0.00"},{"v":0,"d":"0.00"}]
[null,"Разовые работы ",320777.96,{"$nulls":24},{"$f":"D239","v":{"v":0,"d":"0.00"}}]
[null,"Итого с разовыми работами по объекту Сад Технопарка (1-я очередь)   в летний период",{"$nulls":25},{"$f":"AB238+AB239","v":{"v":0,"d":"0.00"}}]
[null,"в т.ч. НДС 18%",{"$nulls":25},{"$f":"AB240/1.18*0.18","v":{"v":0,"d":"0.00"}}]
[" Семейный парк (1-я очередь)"]
[1,"Комплексный уход за цветниками (не менее 15 раз за период)",{"$f":"25.73*1.18","v":{"v":30.3614,"d":"30.36"}},null,"м2",{"v":3118.32,"d":"3,118.32"},2,2,2,2,2,3,2,{"$f":"ROUND($F243*G243,2)","v":{"v":6236.64,"d":"6,236.64"}},{"v":6236.64,"d":"6,236.64"},{"v":6236.64,"d":"6,236.64"},{"v":6236.64,"d":"6,236.64"},{"v":6236.64,"d":"6,236.64"},{"v":9354.96,"d":"9,354.96"},{"v":6236.64,"d":"6,236.64"},{"$f":"D243*F243*G243","v":{"v":0,"d":"0.00"}},{"$f":"D243*F243*H243","v":{"v":0,"d":"0.00"}},{"$f":"D243*F243*I243","v":{"v":0,"d":"0.00"}},{"$f":"D243*F243*J243","v":{"v":0,"d":"0.00"}},{"$f":"D243*F243*K243","v":{"v":0,"d":"0.00"}},{"$f":"ROUND(($D243*S243),2)","v":{"v":0,"d":"0.00"}},{"$f":"ROUND(($D243*T243),2)","v":{"v":0,"d":"0.00"}},{"$f":"SUM(U243:AA243)","v":{"v":0,"d":"0.00"}}]
[2,"Комплексный уход за саженцами кустарников в групповых посадках",{"$f":"41.5*1.18","v":48.97},null,"шт",{"v":725,"d":"725.00"},1,null,1,null,1,null,1,{"$f":"ROUND($F244*G244,2)","v":{"v":725,"d":"725.00"}},null,{"$f":"ROUND($F244*I244,2)","v":{"v":725,"d":"725.00"}},null,{"$f":"ROUND($F244*K244,2)","v":{"v":725,"d":"725.00"}},null,{"$f":"ROUND($F244*M244,2)","v":{"v":725,"d":"725.00"}},{"$f":"D244*F244*G244","v":{"v":0,"d":"0.00"}},null,{"$f":"D244*F244*I244","v":{"v":0,"d":"0.00"}},null,{"$f":"D244*F244*K244","v":{"v":0,"d":"0.00"}},{"$f":"ROUND(($D244*S244),2)","v":{"v":0,"d":"0.00"}},{"$f":"ROUND(($D244*T244),2)","v":{"v":0,"d":"0.00"}},{"v":0,"d":"0.00"}]
[3,"Уход за газонами: выкашивание - 1 раз в 7 дней; полив - один раз в 7 дней; прополка - 5 раз за период; стрижка газонной каймы - 3 раза за период",{"$f":"53.3*1.18","v":{"v":62.89399999999999,"d":"62.89"}},null,"м2",{"v":24603.76,"d":"24,603.76"},1,1,1,1,1,1,1,{"$f":"ROUND($F245*G245,2)","v":{"v":24603.76,"d":"24,603.76"}},{"$f":"ROUND($F245*H245,2)","v":{"v":24603.76,"d":"24,603.76"}},{"$f":"ROUND($F245*I245,2)","v":{"v":24603.76,"d":"24,603.76"}},{"$f":"ROUND($F245*J245,2)","v":{"v":24603.76,"d":"24,603.76"}},{"$f":"ROUND($F245*K245,2)","v":{"v":24603.76,"d":"24,603.76"}},{"$f":"ROUND($F245*L245,2)","v":{"v":24603.76,"d":"24,603.76"}},{"$f":"ROUND($F245*M245,2)","v":{"v":24603.76,"d":"24,603.76"}},{"$f":"D245*F245*G245","v":{"v":0,"d":"0.00"}},{"$f":"D245*F245*H245","v":{"v":0,"d":"0.00"}},{"$f":"D245*F245*I245","v":{"v":0,"d":"0.00"}},{"$f":"D245*F245*J245","v":{"v":0,"d":"0.00"}},{"$f":"D245*F245*K245","v":{"v":0,"d":"0.00"}},{"$f":"ROUND(($D245*S245),2)","v":{"v":0,"d":"0.00"}},{"$f":"D245*F245*M245","v":{"v":0,"d":"0.00"}},{"v":0,"d":"0.00"}]
[4,"Уборка опавших листьев",{"$f":"1.62*1.18","v":{"v":1.9116,"d":"1.91"}},null,"м2",{"v":24603.76,"d":"24,603.76"},null,null,1,1,{"$nulls":5},{"$f":"ROUND($F246*I246,2)","v":{"v":24603.76,"d":"24,603.76"}},{"$f":"ROUND($F246*J246,2)","v":{"v":24603.76,"d":"24,603.76"}},{"$nulls":5},{"$f":"D246*F246*I246","v":{"v":0,"d":"0.00"}},{"$f":"D246*F246*J246","v":{"v":0,"d":"0.00"}},{"$nulls":3},{"v":0,"d":"0.00"}]
[5,"Очистка газона от случайного мусора",{"$f":"0.14*1.18","v":{"v":0.1652,"d":"0.17"}},null,"м2",{"v":2460.38,"d":"2,460.38"},1,1,1,1,1,1,1,{"$f":"ROUND($F247*G247,2)","v":{"v":2460.38,"d":"2,460.38"}},{"$f":"ROUND($F247*H247,2)","v":{"v":2460.38,"d":"2,460.38"}},{"$f":"ROUND($F247*I247,2)","v":{"v":2460.38,"d":"2,460.38"}},{"$f":"ROUND($F247*J247,2)","v":{"v":2460.38,"d":"2,460.38"}},{"$f":"ROUND($F247*K247,2)","v":{"v":2460.38,"d":"2,460.38"}},{"$f":"ROUND($F247*L247,2)","v":{"v":2460.38,"d":"2,460.38"}},{"$f":"ROUND($F247*M247,2)","v":{"v":2460.38,"d":"2,460.38"}},{"$f":"D247*F247*G247","v":{"v":0,"d":"0.00"}},{"$f":"D247*F247*H247","v":{"v":0,"d":"0.00"}},{"$f":"D247*F247*I247","v":{"v":0,"d":"0.00"}},{"$f":"D247*F247*J247","v":{"v":0,"d":"0.00"}},{"$f":"D247*F247*K247","v":{"v":0,"d":"0.00"}},{"$f":"ROUND(($D247*S247),2)","v":{"v":0,"d":"0.00"}},{"$f":"D247*F247*M247","v":{"v":0,"d":"0.00"}},{"v":0,"d":"0.00"}]
[null,"Итого по объекту  Семейный парк (1-я очередь) в летний период",{"$nulls":18},{"$f":"SUM(U243:U247)","v":{"v":0,"d":"0.00"}},{"v":0,"d":"0.00"},{"v":0,"d":"0.00"},{"v":0,"d":"0.00"},{"v":0,"d":"0.00"},{"v":0,"d":"0.00"},{"v":0,"d":"0.00"},{"v":0,"d":"0.00"}]
[null,"Разовые работы",242816.54,{"$nulls":24},{"$f":"D249","v":{"v":0,"d":"0.00"}}]
[null,"Итого с разовыми работами по объекту Семейный парк (1-я очередь) в летний период",{"$nulls":25},{"$f":"AB248+AB249","v":{"v":0,"d":"0.00"}}]
[null,"в т.ч. НДС 18%",{"$nulls":25},{"$f":"AB250/1.18*0.18","v":{"v":0,"d":"0.00"}}]
[null,"Итого по объектам: Участок Лесопарка в зоне Z2.1 вблизи Офисного центра «Технопарк» (1-я очередь), Участок Лесопарка в зоне Z2.1 вблизи Офисного центра «Технопарк» (2-я очередь) , Участок Кампус-парка в зоне Z2.1 вблизи 10-го квартала района D2, Участок Кампус-парка в зоне Z2.1 вблизи западной части \"Делового центра Сколково\", Участок Кампус-парка в зоне Z2.1 вблизи южной части \"Делового центра Сколково\", Сквер Офисного центра \"Технопарк\" в районе D1, Сад Технопарка (1-я очередь),  Семейный парк (1-я очередь) в летний период",{"$nulls":18},{"$f":"U248+U238+U228+U208+U186+U165+U143+U123","v":{"v":0,"d":"0.00"}},{"$f":"V248+V238+V228+V208+V186+V165+V143+V123","v":{"v":0,"d":"0.00"}},{"v":0,"d":"0.00"},{"v":0,"d":"0.00"},{"v":0,"d":"0.00"},{"v":0,"d":"0.00"},{"v":0,"d":"0.00"},{"$f":"SUM(U252:AA252)","v":{"v":0,"d":"0.00"}}]
[null,"Разовые работы по объектам:  Участок Лесопарка в зоне Z2.1 вблизи Офисного центра «Технопарк» (1-я очередь), Участок Лесопарка в зоне Z2.1 вблизи Офисного центра «Технопарк» (2-я очередь) , Участок Кампус-парка в зоне Z2.1 вблизи 10-го квартала района D2, Участок Кампус-парка в зоне Z2.1 вблизи западной части \"Делового центра Сколково\", Участок Кампус-парка в зоне Z2.1 вблизи южной части \"Делового центра Сколково\", Сквер Офисного центра \"Технопарк\" в районе D1, Сад Технопарка (1-я очередь),  Семейный парк (1-я очередь) в летний период",{"$nulls":25},{"$f":"AB249+AB229+AB209+AB187+AB166+AB144+AB124+AB239","v":{"v":0,"d":"0.00"}}]
[null,"Итого с разовыми работами по объектам: Участок Лесопарка в зоне Z2.1 вблизи Офисного центра «Технопарк» (1-я очередь), Участок Лесопарка в зоне Z2.1 вблизи Офисного центра «Технопарк» (2-я очередь) , Участок Кампус-парка в зоне Z2.1 вблизи 10-го квартала района D2, Участок Кампус-парка в зоне Z2.1 вблизи западной части \"Делового центра Сколково\", Участок Кампус-парка в зоне Z2.1 вблизи южной части \"Делового центра Сколково\", Сквер Офисного центра \"Технопарк\" в районе D1, Сад Технопарка (1-я очередь),  Семейный парк (1-я очередь) в летний период",{"$nulls":25},{"$f":"AB252+AB253","v":{"v":0,"d":"0.00"}}]
[null,"в т.ч. НДС 18%",{"$nulls":25},{"$f":"AB254/1.18*0.18","v":{"v":0,"d":"0.00"}}]
[null,"Итого по объектам: Участок Лесопарка в зоне Z2.1 вблизи Офисного центра «Технопарк» (1-я очередь), Участок Лесопарка в зоне Z2.1 вблизи Офисного центра «Технопарк» (2-я очередь) , Участок Кампус-парка в зоне Z2.1 вблизи 10-го квартала района D2, Участок Кампус-парка в зоне Z2.1 вблизи западной части \"Делового центра Сколково\", Участок Кампус-парка в зоне Z2.1 вблизи южной части \"Делового центра Сколково\", Сквер Офисного центра \"Технопарк\" в районе D1, Сад Технопарка (1-я очередь),  Семейный парк (1-я очередь) в зимний и летний периоды",{"$nulls":25},{"$f":"AB252+V94","v":{"v":0,"d":"0.00"}}]
[null,"Разовые работы  по объектам:  Участок Лесопарка в зоне Z2.1 вблизи Офисного центра «Технопарк» (1-я очередь), Участок Лесопарка в зоне Z2.1 вблизи Офисного центра «Технопарк» (2-я очередь) , Участок Кампус-парка в зоне Z2.1 вблизи 10-го квартала района D2, Участок Кампус-парка в зоне Z2.1 вблизи западной части \"Делового центра Сколково\", Участок Кампус-парка в зоне Z2.1 вблизи южной части \"Делового центра Сколково\", Сквер Офисного центра \"Технопарк\" в районе D1, Сад Технопарка (1-я очередь),  Семейный парк (1-я очередь)в зимний и летний периоды",{"$nulls":25},{"$f":"AB253+V95","v":{"v":0,"d":"0.00"}}]
[null,"Итого с разовыми работами по объектам: Участок Лесопарка в зоне Z2.1 вблизи Офисного центра «Технопарк» (1-я очередь), Участок Лесопарка в зоне Z2.1 вблизи Офисного центра «Технопарк» (2-я очередь) , Участок Кампус-парка в зоне Z2.1 вблизи 10-го квартала района D2, Участок Кампус-парка в зоне Z2.1 вблизи западной части \"Делового центра Сколково\", Участок Кампус-парка в зоне Z2.1 вблизи южной части \"Делового центра Сколково\", Сквер Офисного центра \"Технопарк\" в районе D1, Сад Технопарка (1-я очередь),  Семейный парк (1-я очередь) в зимний  летний периоды",{"$nulls":25},{"$f":"AB256+AB257","v":{"v":0,"d":"0.00"}}]
[null,"в т.ч. НДС 18%",{"$nulls":25},{"$f":"AB258/1.18*0.18","v":{"v":0,"d":"0.00"}}]